<?xml version="1.0" encoding="UTF-8"?>
<record
    xmlns:xsi="http://www.w3.org/2001/XMLSchema-instance"
    xsi:schemaLocation="http://www.loc.gov/MARC21/slim http://www.loc.gov/standards/marcxml/schema/MARC21slim.xsd"
    xmlns="http://www.loc.gov/MARC21/slim">

  <leader>00881nas a2200253 i 4500</leader>
  <controlfield tag="001">254567</controlfield>
  <controlfield tag="005">20250811145509.0</controlfield>
  <controlfield tag="007">ta</controlfield>
  <controlfield tag="008">250808e1995    dr mn|p|r||||||0| | spa d</controlfield>
  <datafield tag="040" ind1=" " ind2=" ">
    <subfield code="a">DO-SdBNP</subfield>
    <subfield code="b">spa</subfield>
    <subfield code="c">DO-SdBNP</subfield>
    <subfield code="e">rda</subfield>
  </datafield>
  <datafield tag="041" ind1=" " ind2=" ">
    <subfield code="h">spa</subfield>
  </datafield>
  <datafield tag="110" ind1=" " ind2=" ">
    <subfield code="a">Hoy (Rep&#xFA;blica Dominicana)</subfield>
    <subfield code="9">70838</subfield>
  </datafield>
  <datafield tag="245" ind1=" " ind2=" ">
    <subfield code="a">Moda magazine /</subfield>
    <subfield code="c">Hoy (Rep&#xFA;blica Dominicana).</subfield>
  </datafield>
  <datafield tag="264" ind1=" " ind2=" ">
    <subfield code="a">Santo Domingo, Rep&#xFA;blica Dominicana :</subfield>
    <subfield code="b">Editora Hoy,</subfield>
    <subfield code="c">1995.</subfield>
  </datafield>
  <datafield tag="300" ind1=" " ind2=" ">
    <subfield code="a">volumen : </subfield>
    <subfield code="b">ilustraciones, fotograf&#xED;as ;  </subfield>
    <subfield code="c">36 cm.</subfield>
  </datafield>
  <datafield tag="310" ind1=" " ind2=" ">
    <subfield code="a">Mensual.</subfield>
  </datafield>
  <datafield tag="336" ind1=" " ind2=" ">
    <subfield code="a">texto</subfield>
    <subfield code="b">txt</subfield>
    <subfield code="2">rdacontent</subfield>
  </datafield>
  <datafield tag="337" ind1=" " ind2=" ">
    <subfield code="a">sin mediaci&#xF3;n </subfield>
    <subfield code="b">n</subfield>
    <subfield code="2">rdamedia</subfield>
  </datafield>
  <datafield tag="338" ind1=" " ind2=" ">
    <subfield code="a">volumen </subfield>
    <subfield code="b">nc</subfield>
    <subfield code="2">rdacarrier</subfield>
  </datafield>
  <datafield tag="362" ind1=" " ind2=" ">
    <subfield code="a">A&#xF1;o: 1995, Volumen: 2, noviembre.</subfield>
  </datafield>
  <datafield tag="650" ind1=" " ind2=" ">
    <subfield code="9">19648</subfield>
    <subfield code="a">Moda</subfield>
    <subfield code="v">Publicaciones peri&#xF3;dicas </subfield>
    <subfield code="z">Rep&#xFA;blica Dominicana</subfield>
  </datafield>
  <datafield tag="650" ind1=" " ind2="0">
    <subfield code="a">Estilo</subfield>
    <subfield code="9">88475</subfield>
    <subfield code="v">Publicaciones peri&#xF3;dicas </subfield>
    <subfield code="z">Rep&#xFA;blica Dominicana</subfield>
  </datafield>
  <datafield tag="942" ind1=" " ind2=" ">
    <subfield code="c">ISSUE</subfield>
    <subfield code="2">ddc</subfield>
  </datafield>
  <datafield tag="952" ind1=" " ind2=" ">
    <subfield code="0">0</subfield>
    <subfield code="1">0</subfield>
    <subfield code="2">ddc</subfield>
    <subfield code="4">0</subfield>
    <subfield code="5">6</subfield>
    <subfield code="7">0</subfield>
    <subfield code="8">SE</subfield>
    <subfield code="a">BNPHU</subfield>
    <subfield code="b">BNPHU</subfield>
    <subfield code="d">2025-08-08</subfield>
    <subfield code="h">A&#xF1;o: 1995, Volumen: 2, noviembre.</subfield>
    <subfield code="l">0</subfield>
    <subfield code="p">2025-8075</subfield>
    <subfield code="r">2025-08-08</subfield>
    <subfield code="t">e.1</subfield>
    <subfield code="w">2025-08-08</subfield>
    <subfield code="y">ISSUE</subfield>
  </datafield>
  <datafield tag="952" ind1=" " ind2=" ">
    <subfield code="0">0</subfield>
    <subfield code="1">0</subfield>
    <subfield code="2">ddc</subfield>
    <subfield code="4">0</subfield>
    <subfield code="5">6</subfield>
    <subfield code="7">0</subfield>
    <subfield code="8">SE</subfield>
    <subfield code="a">BNPHU</subfield>
    <subfield code="b">BNPHU</subfield>
    <subfield code="d">2025-08-08</subfield>
    <subfield code="h">A&#xF1;o: 1996, Volumen: 16, noviembre.</subfield>
    <subfield code="l">0</subfield>
    <subfield code="p">2025-8076</subfield>
    <subfield code="r">2025-08-08</subfield>
    <subfield code="t">e.1</subfield>
    <subfield code="w">2025-08-08</subfield>
    <subfield code="y">ISSUE</subfield>
  </datafield>
  <datafield tag="952" ind1=" " ind2=" ">
    <subfield code="0">0</subfield>
    <subfield code="1">0</subfield>
    <subfield code="2">ddc</subfield>
    <subfield code="4">0</subfield>
    <subfield code="5">6</subfield>
    <subfield code="7">0</subfield>
    <subfield code="8">SE</subfield>
    <subfield code="a">BNPHU</subfield>
    <subfield code="b">BNPHU</subfield>
    <subfield code="d">2025-08-08</subfield>
    <subfield code="h">A&#xF1;o: 1997, Volumen: 18, enero</subfield>
    <subfield code="l">0</subfield>
    <subfield code="p">2025-8077</subfield>
    <subfield code="r">2025-08-08</subfield>
    <subfield code="t">e.1</subfield>
    <subfield code="w">2025-08-08</subfield>
    <subfield code="y">ISSUE</subfield>
  </datafield>
  <datafield tag="952" ind1=" " ind2=" ">
    <subfield code="0">0</subfield>
    <subfield code="1">0</subfield>
    <subfield code="2">ddc</subfield>
    <subfield code="4">0</subfield>
    <subfield code="5">6</subfield>
    <subfield code="7">0</subfield>
    <subfield code="8">SE</subfield>
    <subfield code="a">BNPHU</subfield>
    <subfield code="b">BNPHU</subfield>
    <subfield code="d">2025-08-08</subfield>
    <subfield code="h">A&#xF1;o: 1997, Volumen: 19, febrero</subfield>
    <subfield code="l">0</subfield>
    <subfield code="p">2025-8078</subfield>
    <subfield code="r">2025-08-08</subfield>
    <subfield code="t">e.1</subfield>
    <subfield code="w">2025-08-08</subfield>
    <subfield code="y">ISSUE</subfield>
  </datafield>
  <datafield tag="952" ind1=" " ind2=" ">
    <subfield code="0">0</subfield>
    <subfield code="1">0</subfield>
    <subfield code="2">ddc</subfield>
    <subfield code="4">0</subfield>
    <subfield code="5">6</subfield>
    <subfield code="7">0</subfield>
    <subfield code="8">SE</subfield>
    <subfield code="a">BNPHU</subfield>
    <subfield code="b">BNPHU</subfield>
    <subfield code="d">2025-08-08</subfield>
    <subfield code="h">A&#xF1;o: 1997, Volumen: 21, abril</subfield>
    <subfield code="l">0</subfield>
    <subfield code="p">2025-8079</subfield>
    <subfield code="r">2025-08-08</subfield>
    <subfield code="t">e.1</subfield>
    <subfield code="w">2025-08-08</subfield>
    <subfield code="y">ISSUE</subfield>
  </datafield>
  <datafield tag="952" ind1=" " ind2=" ">
    <subfield code="0">0</subfield>
    <subfield code="1">0</subfield>
    <subfield code="2">ddc</subfield>
    <subfield code="4">0</subfield>
    <subfield code="5">6</subfield>
    <subfield code="7">0</subfield>
    <subfield code="8">SE</subfield>
    <subfield code="a">BNPHU</subfield>
    <subfield code="b">BNPHU</subfield>
    <subfield code="d">2025-08-08</subfield>
    <subfield code="h">A&#xF1;o: 1997, Volumen: 21, abril</subfield>
    <subfield code="l">0</subfield>
    <subfield code="p">2025-8080</subfield>
    <subfield code="r">2025-08-08</subfield>
    <subfield code="t">e.2</subfield>
    <subfield code="w">2025-08-08</subfield>
    <subfield code="y">ISSUE</subfield>
  </datafield>
  <datafield tag="952" ind1=" " ind2=" ">
    <subfield code="0">0</subfield>
    <subfield code="1">0</subfield>
    <subfield code="2">ddc</subfield>
    <subfield code="4">0</subfield>
    <subfield code="5">6</subfield>
    <subfield code="7">0</subfield>
    <subfield code="8">SE</subfield>
    <subfield code="a">BNPHU</subfield>
    <subfield code="b">BNPHU</subfield>
    <subfield code="d">2025-08-08</subfield>
    <subfield code="h">A&#xF1;o: 1997, Volumen: 20, marzo</subfield>
    <subfield code="l">0</subfield>
    <subfield code="p">2025-8081</subfield>
    <subfield code="r">2025-08-08</subfield>
    <subfield code="t">e.1</subfield>
    <subfield code="w">2025-08-08</subfield>
    <subfield code="y">ISSUE</subfield>
  </datafield>
  <datafield tag="952" ind1=" " ind2=" ">
    <subfield code="0">0</subfield>
    <subfield code="1">0</subfield>
    <subfield code="2">ddc</subfield>
    <subfield code="4">0</subfield>
    <subfield code="5">6</subfield>
    <subfield code="7">0</subfield>
    <subfield code="8">SE</subfield>
    <subfield code="a">BNPHU</subfield>
    <subfield code="b">BNPHU</subfield>
    <subfield code="d">2025-08-08</subfield>
    <subfield code="h">A&#xF1;o: 1997, Volumen: 22, mayo</subfield>
    <subfield code="l">0</subfield>
    <subfield code="p">2025-8082</subfield>
    <subfield code="r">2025-08-08</subfield>
    <subfield code="t">e.1</subfield>
    <subfield code="w">2025-08-08</subfield>
    <subfield code="y">ISSUE</subfield>
  </datafield>
  <datafield tag="952" ind1=" " ind2=" ">
    <subfield code="0">0</subfield>
    <subfield code="1">0</subfield>
    <subfield code="2">ddc</subfield>
    <subfield code="4">0</subfield>
    <subfield code="5">6</subfield>
    <subfield code="7">0</subfield>
    <subfield code="8">SE</subfield>
    <subfield code="a">BNPHU</subfield>
    <subfield code="b">BNPHU</subfield>
    <subfield code="d">2025-08-08</subfield>
    <subfield code="h">A&#xF1;o: 1997, Volumen: 22, mayo</subfield>
    <subfield code="l">0</subfield>
    <subfield code="p">2025-8083</subfield>
    <subfield code="r">2025-08-08</subfield>
    <subfield code="t">e.2</subfield>
    <subfield code="w">2025-08-08</subfield>
    <subfield code="y">ISSUE</subfield>
  </datafield>
  <datafield tag="952" ind1=" " ind2=" ">
    <subfield code="0">0</subfield>
    <subfield code="1">0</subfield>
    <subfield code="2">ddc</subfield>
    <subfield code="4">0</subfield>
    <subfield code="5">6</subfield>
    <subfield code="7">0</subfield>
    <subfield code="8">SE</subfield>
    <subfield code="a">BNPHU</subfield>
    <subfield code="b">BNPHU</subfield>
    <subfield code="d">2025-08-08</subfield>
    <subfield code="h">A&#xF1;o: 1997, Volumen: 23, mayo</subfield>
    <subfield code="l">0</subfield>
    <subfield code="p">2025-8084</subfield>
    <subfield code="r">2025-08-08</subfield>
    <subfield code="t">e.1</subfield>
    <subfield code="w">2025-08-08</subfield>
    <subfield code="y">ISSUE</subfield>
  </datafield>
  <datafield tag="952" ind1=" " ind2=" ">
    <subfield code="0">0</subfield>
    <subfield code="1">0</subfield>
    <subfield code="2">ddc</subfield>
    <subfield code="4">0</subfield>
    <subfield code="5">6</subfield>
    <subfield code="7">0</subfield>
    <subfield code="8">SE</subfield>
    <subfield code="a">BNPHU</subfield>
    <subfield code="b">BNPHU</subfield>
    <subfield code="d">2025-08-08</subfield>
    <subfield code="h">A&#xF1;o: 1997, Volumen: 23, mayo</subfield>
    <subfield code="l">0</subfield>
    <subfield code="p">2025-8085</subfield>
    <subfield code="r">2025-08-08</subfield>
    <subfield code="t">e.2</subfield>
    <subfield code="w">2025-08-08</subfield>
    <subfield code="y">ISSUE</subfield>
  </datafield>
  <datafield tag="952" ind1=" " ind2=" ">
    <subfield code="0">0</subfield>
    <subfield code="1">0</subfield>
    <subfield code="2">ddc</subfield>
    <subfield code="4">0</subfield>
    <subfield code="5">6</subfield>
    <subfield code="7">0</subfield>
    <subfield code="8">SE</subfield>
    <subfield code="a">BNPHU</subfield>
    <subfield code="b">BNPHU</subfield>
    <subfield code="d">2025-08-08</subfield>
    <subfield code="h">A&#xF1;o: 1997, Volumen: 24, julio</subfield>
    <subfield code="l">0</subfield>
    <subfield code="p">2025-8086</subfield>
    <subfield code="r">2025-08-08</subfield>
    <subfield code="t">e.1</subfield>
    <subfield code="w">2025-08-08</subfield>
    <subfield code="y">ISSUE</subfield>
  </datafield>
  <datafield tag="952" ind1=" " ind2=" ">
    <subfield code="0">0</subfield>
    <subfield code="1">0</subfield>
    <subfield code="2">ddc</subfield>
    <subfield code="4">0</subfield>
    <subfield code="5">6</subfield>
    <subfield code="7">0</subfield>
    <subfield code="8">SE</subfield>
    <subfield code="a">BNPHU</subfield>
    <subfield code="b">BNPHU</subfield>
    <subfield code="d">2025-08-08</subfield>
    <subfield code="h">A&#xF1;o: 1997, Volumen: 24, julio</subfield>
    <subfield code="l">0</subfield>
    <subfield code="p">2025-8087</subfield>
    <subfield code="r">2025-08-08</subfield>
    <subfield code="t">e.2</subfield>
    <subfield code="w">2025-08-08</subfield>
    <subfield code="y">ISSUE</subfield>
  </datafield>
  <datafield tag="952" ind1=" " ind2=" ">
    <subfield code="0">0</subfield>
    <subfield code="1">0</subfield>
    <subfield code="2">ddc</subfield>
    <subfield code="4">0</subfield>
    <subfield code="5">6</subfield>
    <subfield code="7">0</subfield>
    <subfield code="8">SE</subfield>
    <subfield code="a">BNPHU</subfield>
    <subfield code="b">BNPHU</subfield>
    <subfield code="d">2025-08-08</subfield>
    <subfield code="h">A&#xF1;o: 1997, Volumen: 24, julio</subfield>
    <subfield code="l">0</subfield>
    <subfield code="p">2025-8088</subfield>
    <subfield code="r">2025-08-08</subfield>
    <subfield code="t">e.3</subfield>
    <subfield code="w">2025-08-08</subfield>
    <subfield code="y">ISSUE</subfield>
  </datafield>
  <datafield tag="952" ind1=" " ind2=" ">
    <subfield code="0">0</subfield>
    <subfield code="1">0</subfield>
    <subfield code="2">ddc</subfield>
    <subfield code="4">0</subfield>
    <subfield code="5">6</subfield>
    <subfield code="7">0</subfield>
    <subfield code="8">SE</subfield>
    <subfield code="a">BNPHU</subfield>
    <subfield code="b">BNPHU</subfield>
    <subfield code="d">2025-08-08</subfield>
    <subfield code="h">A&#xF1;o: 1997, Volumen: 25, agosto</subfield>
    <subfield code="l">0</subfield>
    <subfield code="p">2025-8089</subfield>
    <subfield code="r">2025-08-08</subfield>
    <subfield code="t">e.1</subfield>
    <subfield code="w">2025-08-08</subfield>
    <subfield code="y">ISSUE</subfield>
  </datafield>
  <datafield tag="952" ind1=" " ind2=" ">
    <subfield code="0">0</subfield>
    <subfield code="1">0</subfield>
    <subfield code="2">ddc</subfield>
    <subfield code="4">0</subfield>
    <subfield code="5">6</subfield>
    <subfield code="7">0</subfield>
    <subfield code="8">SE</subfield>
    <subfield code="a">BNPHU</subfield>
    <subfield code="b">BNPHU</subfield>
    <subfield code="d">2025-08-08</subfield>
    <subfield code="h">A&#xF1;o: 1997, Volumen: 25, agosto</subfield>
    <subfield code="l">0</subfield>
    <subfield code="p">2025-8090</subfield>
    <subfield code="r">2025-08-08</subfield>
    <subfield code="t">e.2</subfield>
    <subfield code="w">2025-08-08</subfield>
    <subfield code="y">ISSUE</subfield>
  </datafield>
  <datafield tag="952" ind1=" " ind2=" ">
    <subfield code="0">0</subfield>
    <subfield code="1">0</subfield>
    <subfield code="2">ddc</subfield>
    <subfield code="4">0</subfield>
    <subfield code="5">6</subfield>
    <subfield code="7">0</subfield>
    <subfield code="8">SE</subfield>
    <subfield code="a">BNPHU</subfield>
    <subfield code="b">BNPHU</subfield>
    <subfield code="d">2025-08-08</subfield>
    <subfield code="h">A&#xF1;o: 1997, Volumen: 25, agosto</subfield>
    <subfield code="l">0</subfield>
    <subfield code="p">2025-8091</subfield>
    <subfield code="r">2025-08-08</subfield>
    <subfield code="t">e.3</subfield>
    <subfield code="w">2025-08-08</subfield>
    <subfield code="y">ISSUE</subfield>
  </datafield>
  <datafield tag="952" ind1=" " ind2=" ">
    <subfield code="0">0</subfield>
    <subfield code="1">0</subfield>
    <subfield code="2">ddc</subfield>
    <subfield code="4">0</subfield>
    <subfield code="5">6</subfield>
    <subfield code="7">0</subfield>
    <subfield code="8">SE</subfield>
    <subfield code="a">BNPHU</subfield>
    <subfield code="b">BNPHU</subfield>
    <subfield code="d">2025-08-08</subfield>
    <subfield code="h">A&#xF1;o: 1997, Volumen: 26, septiembre</subfield>
    <subfield code="l">0</subfield>
    <subfield code="p">2025-8092</subfield>
    <subfield code="r">2025-08-08</subfield>
    <subfield code="t">e.1</subfield>
    <subfield code="w">2025-08-08</subfield>
    <subfield code="y">ISSUE</subfield>
  </datafield>
  <datafield tag="952" ind1=" " ind2=" ">
    <subfield code="0">0</subfield>
    <subfield code="1">0</subfield>
    <subfield code="2">ddc</subfield>
    <subfield code="4">0</subfield>
    <subfield code="5">6</subfield>
    <subfield code="7">0</subfield>
    <subfield code="8">SE</subfield>
    <subfield code="a">BNPHU</subfield>
    <subfield code="b">BNPHU</subfield>
    <subfield code="d">2025-08-08</subfield>
    <subfield code="h">A&#xF1;o: 1997, Volumen: 26, septiembre</subfield>
    <subfield code="l">0</subfield>
    <subfield code="p">2025-8093</subfield>
    <subfield code="r">2025-08-08</subfield>
    <subfield code="t">e.2</subfield>
    <subfield code="w">2025-08-08</subfield>
    <subfield code="y">ISSUE</subfield>
  </datafield>
  <datafield tag="952" ind1=" " ind2=" ">
    <subfield code="0">0</subfield>
    <subfield code="1">0</subfield>
    <subfield code="2">ddc</subfield>
    <subfield code="4">0</subfield>
    <subfield code="5">6</subfield>
    <subfield code="7">0</subfield>
    <subfield code="8">SE</subfield>
    <subfield code="a">BNPHU</subfield>
    <subfield code="b">BNPHU</subfield>
    <subfield code="d">2025-08-08</subfield>
    <subfield code="h">A&#xF1;o: 1997, Volumen: 26, septiembre</subfield>
    <subfield code="l">0</subfield>
    <subfield code="p">2025-8094</subfield>
    <subfield code="r">2025-08-08</subfield>
    <subfield code="t">e.3</subfield>
    <subfield code="w">2025-08-08</subfield>
    <subfield code="y">ISSUE</subfield>
  </datafield>
  <datafield tag="952" ind1=" " ind2=" ">
    <subfield code="0">0</subfield>
    <subfield code="1">0</subfield>
    <subfield code="2">ddc</subfield>
    <subfield code="4">0</subfield>
    <subfield code="5">6</subfield>
    <subfield code="7">0</subfield>
    <subfield code="8">SE</subfield>
    <subfield code="a">BNPHU</subfield>
    <subfield code="b">BNPHU</subfield>
    <subfield code="d">2025-08-08</subfield>
    <subfield code="h">A&#xF1;o: 1997, Volumen: 26, septiembre</subfield>
    <subfield code="l">0</subfield>
    <subfield code="p">2025-8095</subfield>
    <subfield code="r">2025-08-08</subfield>
    <subfield code="t">e.4</subfield>
    <subfield code="w">2025-08-08</subfield>
    <subfield code="y">ISSUE</subfield>
  </datafield>
  <datafield tag="952" ind1=" " ind2=" ">
    <subfield code="0">0</subfield>
    <subfield code="1">0</subfield>
    <subfield code="2">ddc</subfield>
    <subfield code="4">0</subfield>
    <subfield code="5">6</subfield>
    <subfield code="7">0</subfield>
    <subfield code="8">SE</subfield>
    <subfield code="a">BNPHU</subfield>
    <subfield code="b">BNPHU</subfield>
    <subfield code="d">2025-08-08</subfield>
    <subfield code="h">A&#xF1;o: 1997, Volumen: 27, octubre</subfield>
    <subfield code="l">0</subfield>
    <subfield code="p">2025-8096</subfield>
    <subfield code="r">2025-08-08</subfield>
    <subfield code="t">e.1</subfield>
    <subfield code="w">2025-08-08</subfield>
    <subfield code="y">ISSUE</subfield>
  </datafield>
  <datafield tag="952" ind1=" " ind2=" ">
    <subfield code="0">0</subfield>
    <subfield code="1">0</subfield>
    <subfield code="2">ddc</subfield>
    <subfield code="4">0</subfield>
    <subfield code="5">6</subfield>
    <subfield code="7">0</subfield>
    <subfield code="8">SE</subfield>
    <subfield code="a">BNPHU</subfield>
    <subfield code="b">BNPHU</subfield>
    <subfield code="d">2025-08-08</subfield>
    <subfield code="h">A&#xF1;o: 1997, Volumen: 27, octubre</subfield>
    <subfield code="l">0</subfield>
    <subfield code="p">2025-8097</subfield>
    <subfield code="r">2025-08-08</subfield>
    <subfield code="t">e.2</subfield>
    <subfield code="w">2025-08-08</subfield>
    <subfield code="y">ISSUE</subfield>
  </datafield>
  <datafield tag="952" ind1=" " ind2=" ">
    <subfield code="0">0</subfield>
    <subfield code="1">0</subfield>
    <subfield code="2">ddc</subfield>
    <subfield code="4">0</subfield>
    <subfield code="5">6</subfield>
    <subfield code="7">0</subfield>
    <subfield code="8">SE</subfield>
    <subfield code="a">BNPHU</subfield>
    <subfield code="b">BNPHU</subfield>
    <subfield code="d">2025-08-08</subfield>
    <subfield code="h">A&#xF1;o: 1997, Volumen: 27, octubre</subfield>
    <subfield code="l">0</subfield>
    <subfield code="p">2025-8098</subfield>
    <subfield code="r">2025-08-08</subfield>
    <subfield code="t">e.3</subfield>
    <subfield code="w">2025-08-08</subfield>
    <subfield code="y">ISSUE</subfield>
  </datafield>
  <datafield tag="952" ind1=" " ind2=" ">
    <subfield code="0">0</subfield>
    <subfield code="1">0</subfield>
    <subfield code="2">ddc</subfield>
    <subfield code="4">0</subfield>
    <subfield code="5">6</subfield>
    <subfield code="7">0</subfield>
    <subfield code="8">SE</subfield>
    <subfield code="a">BNPHU</subfield>
    <subfield code="b">BNPHU</subfield>
    <subfield code="d">2025-08-08</subfield>
    <subfield code="h">A&#xF1;o: 1997, Volumen: 28, noviembre</subfield>
    <subfield code="l">0</subfield>
    <subfield code="p">2025-8099</subfield>
    <subfield code="r">2025-08-08</subfield>
    <subfield code="t">e.1</subfield>
    <subfield code="w">2025-08-08</subfield>
    <subfield code="y">ISSUE</subfield>
  </datafield>
  <datafield tag="952" ind1=" " ind2=" ">
    <subfield code="0">0</subfield>
    <subfield code="1">0</subfield>
    <subfield code="2">ddc</subfield>
    <subfield code="4">0</subfield>
    <subfield code="5">6</subfield>
    <subfield code="7">0</subfield>
    <subfield code="8">SE</subfield>
    <subfield code="a">BNPHU</subfield>
    <subfield code="b">BNPHU</subfield>
    <subfield code="d">2025-08-08</subfield>
    <subfield code="h">A&#xF1;o: 1997, Volumen: 28, noviembre</subfield>
    <subfield code="l">0</subfield>
    <subfield code="p">2025-8100</subfield>
    <subfield code="r">2025-08-08</subfield>
    <subfield code="t">e.2</subfield>
    <subfield code="w">2025-08-08</subfield>
    <subfield code="y">ISSUE</subfield>
  </datafield>
  <datafield tag="952" ind1=" " ind2=" ">
    <subfield code="0">0</subfield>
    <subfield code="1">0</subfield>
    <subfield code="2">ddc</subfield>
    <subfield code="4">0</subfield>
    <subfield code="5">6</subfield>
    <subfield code="7">0</subfield>
    <subfield code="8">SE</subfield>
    <subfield code="a">BNPHU</subfield>
    <subfield code="b">BNPHU</subfield>
    <subfield code="d">2025-08-08</subfield>
    <subfield code="h">A&#xF1;o: 1997, Volumen: 29, diciembre</subfield>
    <subfield code="l">0</subfield>
    <subfield code="p">2025-8101</subfield>
    <subfield code="r">2025-08-08</subfield>
    <subfield code="t">e.2</subfield>
    <subfield code="w">2025-08-08</subfield>
    <subfield code="y">ISSUE</subfield>
  </datafield>
  <datafield tag="952" ind1=" " ind2=" ">
    <subfield code="0">0</subfield>
    <subfield code="1">0</subfield>
    <subfield code="2">ddc</subfield>
    <subfield code="4">0</subfield>
    <subfield code="5">6</subfield>
    <subfield code="7">0</subfield>
    <subfield code="8">SE</subfield>
    <subfield code="a">BNPHU</subfield>
    <subfield code="b">BNPHU</subfield>
    <subfield code="d">2025-08-08</subfield>
    <subfield code="h">A&#xF1;o: 1997, Volumen: 29, diciembre</subfield>
    <subfield code="l">0</subfield>
    <subfield code="p">2025-8102</subfield>
    <subfield code="r">2025-08-08</subfield>
    <subfield code="t">e.1</subfield>
    <subfield code="w">2025-08-08</subfield>
    <subfield code="y">ISSUE</subfield>
    <subfield code="z">Rosa de Grull&#xF3;n, en todo su esplendor.</subfield>
  </datafield>
  <datafield tag="952" ind1=" " ind2=" ">
    <subfield code="0">0</subfield>
    <subfield code="1">0</subfield>
    <subfield code="2">ddc</subfield>
    <subfield code="4">0</subfield>
    <subfield code="5">6</subfield>
    <subfield code="7">0</subfield>
    <subfield code="8">SE</subfield>
    <subfield code="a">BNPHU</subfield>
    <subfield code="b">BNPHU</subfield>
    <subfield code="d">2025-08-08</subfield>
    <subfield code="h">A&#xF1;o: 2000, enero</subfield>
    <subfield code="l">0</subfield>
    <subfield code="p">2025-8103</subfield>
    <subfield code="r">2025-08-08</subfield>
    <subfield code="t">e.1</subfield>
    <subfield code="w">2025-08-08</subfield>
    <subfield code="y">ISSUE</subfield>
    <subfield code="z">Deborah Llellebung.</subfield>
  </datafield>
  <datafield tag="952" ind1=" " ind2=" ">
    <subfield code="0">0</subfield>
    <subfield code="1">0</subfield>
    <subfield code="2">ddc</subfield>
    <subfield code="4">0</subfield>
    <subfield code="5">6</subfield>
    <subfield code="7">0</subfield>
    <subfield code="8">SE</subfield>
    <subfield code="a">BNPHU</subfield>
    <subfield code="b">BNPHU</subfield>
    <subfield code="d">2025-08-08</subfield>
    <subfield code="h">A&#xF1;o: 2001, enero</subfield>
    <subfield code="l">0</subfield>
    <subfield code="p">2025-8104</subfield>
    <subfield code="r">2025-08-08</subfield>
    <subfield code="t">e.1</subfield>
    <subfield code="w">2025-08-08</subfield>
    <subfield code="y">ISSUE</subfield>
    <subfield code="z">Deborah Llellebung.</subfield>
  </datafield>
  <datafield tag="952" ind1=" " ind2=" ">
    <subfield code="0">0</subfield>
    <subfield code="1">0</subfield>
    <subfield code="2">ddc</subfield>
    <subfield code="4">0</subfield>
    <subfield code="5">6</subfield>
    <subfield code="7">0</subfield>
    <subfield code="8">SE</subfield>
    <subfield code="a">BNPHU</subfield>
    <subfield code="b">BNPHU</subfield>
    <subfield code="d">2025-08-08</subfield>
    <subfield code="h">A&#xF1;o: 2001, febrero</subfield>
    <subfield code="l">0</subfield>
    <subfield code="p">2025-8105</subfield>
    <subfield code="r">2025-08-08</subfield>
    <subfield code="t">e.1</subfield>
    <subfield code="w">2025-08-08</subfield>
    <subfield code="y">ISSUE</subfield>
    <subfield code="z">Libres para el amor.</subfield>
  </datafield>
  <datafield tag="952" ind1=" " ind2=" ">
    <subfield code="0">0</subfield>
    <subfield code="1">0</subfield>
    <subfield code="2">ddc</subfield>
    <subfield code="4">0</subfield>
    <subfield code="5">6</subfield>
    <subfield code="7">0</subfield>
    <subfield code="8">SE</subfield>
    <subfield code="a">BNPHU</subfield>
    <subfield code="b">BNPHU</subfield>
    <subfield code="d">2025-08-08</subfield>
    <subfield code="h">A&#xF1;o: 2001, febrero</subfield>
    <subfield code="l">0</subfield>
    <subfield code="p">2025-8106</subfield>
    <subfield code="r">2025-08-08</subfield>
    <subfield code="t">e.2</subfield>
    <subfield code="w">2025-08-08</subfield>
    <subfield code="y">ISSUE</subfield>
    <subfield code="z">Libres para el amor.</subfield>
  </datafield>
  <datafield tag="952" ind1=" " ind2=" ">
    <subfield code="0">0</subfield>
    <subfield code="1">0</subfield>
    <subfield code="2">ddc</subfield>
    <subfield code="4">0</subfield>
    <subfield code="5">6</subfield>
    <subfield code="7">0</subfield>
    <subfield code="8">SE</subfield>
    <subfield code="a">BNPHU</subfield>
    <subfield code="b">BNPHU</subfield>
    <subfield code="d">2025-08-08</subfield>
    <subfield code="h">A&#xF1;o: 2001, febrero</subfield>
    <subfield code="l">0</subfield>
    <subfield code="p">2025-8107</subfield>
    <subfield code="r">2025-08-08</subfield>
    <subfield code="t">e.3</subfield>
    <subfield code="w">2025-08-08</subfield>
    <subfield code="y">ISSUE</subfield>
    <subfield code="z">Libres para el amor.</subfield>
  </datafield>
  <datafield tag="952" ind1=" " ind2=" ">
    <subfield code="0">0</subfield>
    <subfield code="1">0</subfield>
    <subfield code="2">ddc</subfield>
    <subfield code="4">0</subfield>
    <subfield code="5">6</subfield>
    <subfield code="7">0</subfield>
    <subfield code="8">SE</subfield>
    <subfield code="a">BNPHU</subfield>
    <subfield code="b">BNPHU</subfield>
    <subfield code="d">2025-08-08</subfield>
    <subfield code="h">A&#xF1;o: 2001, abril</subfield>
    <subfield code="l">0</subfield>
    <subfield code="p">2025-8108</subfield>
    <subfield code="r">2025-08-08</subfield>
    <subfield code="t">e.1</subfield>
    <subfield code="w">2025-08-08</subfield>
    <subfield code="y">ISSUE</subfield>
    <subfield code="z">D&#xED;as de playa.</subfield>
  </datafield>
  <datafield tag="952" ind1=" " ind2=" ">
    <subfield code="0">0</subfield>
    <subfield code="1">0</subfield>
    <subfield code="2">ddc</subfield>
    <subfield code="4">0</subfield>
    <subfield code="5">6</subfield>
    <subfield code="7">0</subfield>
    <subfield code="8">SE</subfield>
    <subfield code="a">BNPHU</subfield>
    <subfield code="b">BNPHU</subfield>
    <subfield code="d">2025-08-08</subfield>
    <subfield code="h">A&#xF1;o: 2001, mayo</subfield>
    <subfield code="l">0</subfield>
    <subfield code="p">2025-8109</subfield>
    <subfield code="r">2025-08-08</subfield>
    <subfield code="t">e.1</subfield>
    <subfield code="w">2025-08-08</subfield>
    <subfield code="y">ISSUE</subfield>
    <subfield code="z">Hermosa maternidad.</subfield>
  </datafield>
  <datafield tag="952" ind1=" " ind2=" ">
    <subfield code="0">0</subfield>
    <subfield code="1">0</subfield>
    <subfield code="2">ddc</subfield>
    <subfield code="4">0</subfield>
    <subfield code="5">6</subfield>
    <subfield code="7">0</subfield>
    <subfield code="8">SE</subfield>
    <subfield code="a">BNPHU</subfield>
    <subfield code="b">BNPHU</subfield>
    <subfield code="d">2025-08-08</subfield>
    <subfield code="h">A&#xF1;o: 2001, mayo</subfield>
    <subfield code="l">0</subfield>
    <subfield code="p">2025-8110</subfield>
    <subfield code="r">2025-08-08</subfield>
    <subfield code="t">e.2</subfield>
    <subfield code="w">2025-08-08</subfield>
    <subfield code="y">ISSUE</subfield>
    <subfield code="z">Hermosa maternidad.</subfield>
  </datafield>
  <datafield tag="952" ind1=" " ind2=" ">
    <subfield code="0">0</subfield>
    <subfield code="1">0</subfield>
    <subfield code="2">ddc</subfield>
    <subfield code="4">0</subfield>
    <subfield code="5">6</subfield>
    <subfield code="7">0</subfield>
    <subfield code="8">SE</subfield>
    <subfield code="a">BNPHU</subfield>
    <subfield code="b">BNPHU</subfield>
    <subfield code="d">2025-08-08</subfield>
    <subfield code="h">A&#xF1;o: 2001, mayo</subfield>
    <subfield code="l">0</subfield>
    <subfield code="p">2025-8111</subfield>
    <subfield code="r">2025-08-08</subfield>
    <subfield code="t">e.3</subfield>
    <subfield code="w">2025-08-08</subfield>
    <subfield code="y">ISSUE</subfield>
    <subfield code="z">Hermosa maternidad.</subfield>
  </datafield>
  <datafield tag="952" ind1=" " ind2=" ">
    <subfield code="0">0</subfield>
    <subfield code="1">0</subfield>
    <subfield code="2">ddc</subfield>
    <subfield code="4">0</subfield>
    <subfield code="5">6</subfield>
    <subfield code="7">0</subfield>
    <subfield code="8">SE</subfield>
    <subfield code="a">BNPHU</subfield>
    <subfield code="b">BNPHU</subfield>
    <subfield code="d">2025-08-08</subfield>
    <subfield code="h">A&#xF1;o: 2001, junio</subfield>
    <subfield code="l">0</subfield>
    <subfield code="p">2025-8112</subfield>
    <subfield code="r">2025-08-08</subfield>
    <subfield code="t">e.1</subfield>
    <subfield code="w">2025-08-08</subfield>
    <subfield code="y">ISSUE</subfield>
    <subfield code="z">Camino hacia el altar.</subfield>
  </datafield>
  <datafield tag="952" ind1=" " ind2=" ">
    <subfield code="0">0</subfield>
    <subfield code="1">0</subfield>
    <subfield code="2">ddc</subfield>
    <subfield code="4">0</subfield>
    <subfield code="5">6</subfield>
    <subfield code="7">0</subfield>
    <subfield code="8">SE</subfield>
    <subfield code="a">BNPHU</subfield>
    <subfield code="b">BNPHU</subfield>
    <subfield code="d">2025-08-08</subfield>
    <subfield code="h">A&#xF1;o: 2001, mayo</subfield>
    <subfield code="l">0</subfield>
    <subfield code="p">2025-8113</subfield>
    <subfield code="r">2025-08-08</subfield>
    <subfield code="t">e.4</subfield>
    <subfield code="w">2025-08-08</subfield>
    <subfield code="y">ISSUE</subfield>
    <subfield code="z">Hermosa maternidad.</subfield>
  </datafield>
  <datafield tag="952" ind1=" " ind2=" ">
    <subfield code="0">0</subfield>
    <subfield code="1">0</subfield>
    <subfield code="2">ddc</subfield>
    <subfield code="4">0</subfield>
    <subfield code="5">6</subfield>
    <subfield code="7">0</subfield>
    <subfield code="8">SE</subfield>
    <subfield code="a">BNPHU</subfield>
    <subfield code="b">BNPHU</subfield>
    <subfield code="d">2025-08-08</subfield>
    <subfield code="h">A&#xF1;o: 2001, agosto</subfield>
    <subfield code="l">0</subfield>
    <subfield code="p">2025-8114</subfield>
    <subfield code="r">2025-08-08</subfield>
    <subfield code="t">e.1</subfield>
    <subfield code="w">2025-08-08</subfield>
    <subfield code="y">ISSUE</subfield>
    <subfield code="z">El zapato y la cartera, a tono con el vestuario.</subfield>
  </datafield>
  <datafield tag="952" ind1=" " ind2=" ">
    <subfield code="0">0</subfield>
    <subfield code="1">0</subfield>
    <subfield code="2">ddc</subfield>
    <subfield code="4">0</subfield>
    <subfield code="5">6</subfield>
    <subfield code="7">0</subfield>
    <subfield code="8">SE</subfield>
    <subfield code="a">BNPHU</subfield>
    <subfield code="b">BNPHU</subfield>
    <subfield code="d">2025-08-08</subfield>
    <subfield code="h">A&#xF1;o: 2001, agosto</subfield>
    <subfield code="l">0</subfield>
    <subfield code="p">2025-8115</subfield>
    <subfield code="r">2025-08-08</subfield>
    <subfield code="t">e.2</subfield>
    <subfield code="w">2025-08-08</subfield>
    <subfield code="y">ISSUE</subfield>
    <subfield code="z">El zapato y la cartera, a tono con el vestuario.</subfield>
  </datafield>
  <datafield tag="952" ind1=" " ind2=" ">
    <subfield code="0">0</subfield>
    <subfield code="1">0</subfield>
    <subfield code="2">ddc</subfield>
    <subfield code="4">0</subfield>
    <subfield code="5">6</subfield>
    <subfield code="7">0</subfield>
    <subfield code="8">SE</subfield>
    <subfield code="a">BNPHU</subfield>
    <subfield code="b">BNPHU</subfield>
    <subfield code="d">2025-08-08</subfield>
    <subfield code="h">A&#xF1;o: 2001, agosto</subfield>
    <subfield code="l">0</subfield>
    <subfield code="p">2025-8116</subfield>
    <subfield code="r">2025-08-08</subfield>
    <subfield code="t">e.3</subfield>
    <subfield code="w">2025-08-08</subfield>
    <subfield code="y">ISSUE</subfield>
    <subfield code="z">El zapato y la cartera, a tono con el vestuario.</subfield>
  </datafield>
  <datafield tag="952" ind1=" " ind2=" ">
    <subfield code="0">0</subfield>
    <subfield code="1">0</subfield>
    <subfield code="2">ddc</subfield>
    <subfield code="4">0</subfield>
    <subfield code="5">6</subfield>
    <subfield code="7">0</subfield>
    <subfield code="8">SE</subfield>
    <subfield code="a">BNPHU</subfield>
    <subfield code="b">BNPHU</subfield>
    <subfield code="d">2025-08-08</subfield>
    <subfield code="h">A&#xF1;o: 2001, agosto</subfield>
    <subfield code="l">0</subfield>
    <subfield code="p">2025-8117</subfield>
    <subfield code="r">2025-08-08</subfield>
    <subfield code="t">e.4</subfield>
    <subfield code="w">2025-08-08</subfield>
    <subfield code="y">ISSUE</subfield>
    <subfield code="z">El zapato y la cartera, a tono con el vestuario.</subfield>
  </datafield>
  <datafield tag="952" ind1=" " ind2=" ">
    <subfield code="0">0</subfield>
    <subfield code="1">0</subfield>
    <subfield code="2">ddc</subfield>
    <subfield code="4">0</subfield>
    <subfield code="5">6</subfield>
    <subfield code="7">0</subfield>
    <subfield code="8">SE</subfield>
    <subfield code="a">BNPHU</subfield>
    <subfield code="b">BNPHU</subfield>
    <subfield code="d">2025-08-08</subfield>
    <subfield code="h">A&#xF1;o: 2001, septiembre</subfield>
    <subfield code="l">0</subfield>
    <subfield code="p">2025-8118</subfield>
    <subfield code="r">2025-08-08</subfield>
    <subfield code="t">e.1</subfield>
    <subfield code="w">2025-08-08</subfield>
    <subfield code="y">ISSUE</subfield>
    <subfield code="z">Moda joven.</subfield>
  </datafield>
  <datafield tag="952" ind1=" " ind2=" ">
    <subfield code="0">0</subfield>
    <subfield code="1">0</subfield>
    <subfield code="2">ddc</subfield>
    <subfield code="4">0</subfield>
    <subfield code="5">6</subfield>
    <subfield code="7">0</subfield>
    <subfield code="8">SE</subfield>
    <subfield code="a">BNPHU</subfield>
    <subfield code="b">BNPHU</subfield>
    <subfield code="d">2025-08-08</subfield>
    <subfield code="h">A&#xF1;o: 2001, septiembre</subfield>
    <subfield code="l">0</subfield>
    <subfield code="p">2025-8119</subfield>
    <subfield code="r">2025-08-08</subfield>
    <subfield code="t">e.2</subfield>
    <subfield code="w">2025-08-08</subfield>
    <subfield code="y">ISSUE</subfield>
    <subfield code="z">Moda joven.</subfield>
  </datafield>
  <datafield tag="952" ind1=" " ind2=" ">
    <subfield code="0">0</subfield>
    <subfield code="1">0</subfield>
    <subfield code="2">ddc</subfield>
    <subfield code="4">0</subfield>
    <subfield code="5">6</subfield>
    <subfield code="7">0</subfield>
    <subfield code="8">SE</subfield>
    <subfield code="a">BNPHU</subfield>
    <subfield code="b">BNPHU</subfield>
    <subfield code="d">2025-08-08</subfield>
    <subfield code="h">A&#xF1;o: 2001, septiembre</subfield>
    <subfield code="l">0</subfield>
    <subfield code="p">2025-8120</subfield>
    <subfield code="r">2025-08-08</subfield>
    <subfield code="t">e.3</subfield>
    <subfield code="w">2025-08-08</subfield>
    <subfield code="y">ISSUE</subfield>
    <subfield code="z">Moda joven.</subfield>
  </datafield>
  <datafield tag="952" ind1=" " ind2=" ">
    <subfield code="0">0</subfield>
    <subfield code="1">0</subfield>
    <subfield code="2">ddc</subfield>
    <subfield code="4">0</subfield>
    <subfield code="5">6</subfield>
    <subfield code="7">0</subfield>
    <subfield code="8">SE</subfield>
    <subfield code="a">BNPHU</subfield>
    <subfield code="b">BNPHU</subfield>
    <subfield code="d">2025-08-08</subfield>
    <subfield code="h">A&#xF1;o: 2001, septiembre</subfield>
    <subfield code="l">0</subfield>
    <subfield code="p">2025-8121</subfield>
    <subfield code="r">2025-08-08</subfield>
    <subfield code="t">e.4</subfield>
    <subfield code="w">2025-08-08</subfield>
    <subfield code="y">ISSUE</subfield>
    <subfield code="z">Moda joven.</subfield>
  </datafield>
  <datafield tag="952" ind1=" " ind2=" ">
    <subfield code="0">0</subfield>
    <subfield code="1">0</subfield>
    <subfield code="2">ddc</subfield>
    <subfield code="4">0</subfield>
    <subfield code="5">6</subfield>
    <subfield code="7">0</subfield>
    <subfield code="8">SE</subfield>
    <subfield code="a">BNPHU</subfield>
    <subfield code="b">BNPHU</subfield>
    <subfield code="d">2025-08-08</subfield>
    <subfield code="h">A&#xF1;o: 2001, octubre</subfield>
    <subfield code="l">0</subfield>
    <subfield code="p">2025-8122</subfield>
    <subfield code="r">2025-08-08</subfield>
    <subfield code="t">e.1</subfield>
    <subfield code="w">2025-08-08</subfield>
    <subfield code="y">ISSUE</subfield>
    <subfield code="z">Novias. </subfield>
  </datafield>
  <datafield tag="952" ind1=" " ind2=" ">
    <subfield code="0">0</subfield>
    <subfield code="1">0</subfield>
    <subfield code="2">ddc</subfield>
    <subfield code="4">0</subfield>
    <subfield code="5">6</subfield>
    <subfield code="7">0</subfield>
    <subfield code="8">SE</subfield>
    <subfield code="a">BNPHU</subfield>
    <subfield code="b">BNPHU</subfield>
    <subfield code="d">2025-08-08</subfield>
    <subfield code="h">A&#xF1;o: 2001, octubre</subfield>
    <subfield code="l">0</subfield>
    <subfield code="p">2025-8123</subfield>
    <subfield code="r">2025-08-08</subfield>
    <subfield code="t">e.2</subfield>
    <subfield code="w">2025-08-08</subfield>
    <subfield code="y">ISSUE</subfield>
    <subfield code="z">Novias. </subfield>
  </datafield>
  <datafield tag="952" ind1=" " ind2=" ">
    <subfield code="0">0</subfield>
    <subfield code="1">0</subfield>
    <subfield code="2">ddc</subfield>
    <subfield code="4">0</subfield>
    <subfield code="5">6</subfield>
    <subfield code="7">0</subfield>
    <subfield code="8">SE</subfield>
    <subfield code="a">BNPHU</subfield>
    <subfield code="b">BNPHU</subfield>
    <subfield code="d">2025-08-08</subfield>
    <subfield code="h">A&#xF1;o: 2001, noviembre</subfield>
    <subfield code="l">0</subfield>
    <subfield code="p">2025-8124</subfield>
    <subfield code="r">2025-08-08</subfield>
    <subfield code="t">e.1</subfield>
    <subfield code="w">2025-08-08</subfield>
    <subfield code="y">ISSUE</subfield>
    <subfield code="z">De fiesta.</subfield>
  </datafield>
  <datafield tag="952" ind1=" " ind2=" ">
    <subfield code="0">0</subfield>
    <subfield code="1">0</subfield>
    <subfield code="2">ddc</subfield>
    <subfield code="4">0</subfield>
    <subfield code="5">6</subfield>
    <subfield code="7">0</subfield>
    <subfield code="8">SE</subfield>
    <subfield code="a">BNPHU</subfield>
    <subfield code="b">BNPHU</subfield>
    <subfield code="d">2025-08-08</subfield>
    <subfield code="h">A&#xF1;o: 2001, noviembre</subfield>
    <subfield code="l">0</subfield>
    <subfield code="p">2025-8125</subfield>
    <subfield code="r">2025-08-08</subfield>
    <subfield code="t">e.2</subfield>
    <subfield code="w">2025-08-08</subfield>
    <subfield code="y">ISSUE</subfield>
    <subfield code="z">De fiesta.</subfield>
  </datafield>
  <datafield tag="952" ind1=" " ind2=" ">
    <subfield code="0">0</subfield>
    <subfield code="1">0</subfield>
    <subfield code="2">ddc</subfield>
    <subfield code="4">0</subfield>
    <subfield code="5">6</subfield>
    <subfield code="7">0</subfield>
    <subfield code="8">SE</subfield>
    <subfield code="a">BNPHU</subfield>
    <subfield code="b">BNPHU</subfield>
    <subfield code="d">2025-08-08</subfield>
    <subfield code="h">A&#xF1;o: 2001, noviembre</subfield>
    <subfield code="l">0</subfield>
    <subfield code="p">2025-8126</subfield>
    <subfield code="r">2025-08-08</subfield>
    <subfield code="t">e.3</subfield>
    <subfield code="w">2025-08-08</subfield>
    <subfield code="y">ISSUE</subfield>
    <subfield code="z">De fiesta.</subfield>
  </datafield>
  <datafield tag="952" ind1=" " ind2=" ">
    <subfield code="0">0</subfield>
    <subfield code="1">0</subfield>
    <subfield code="2">ddc</subfield>
    <subfield code="4">0</subfield>
    <subfield code="5">6</subfield>
    <subfield code="7">0</subfield>
    <subfield code="8">SE</subfield>
    <subfield code="a">BNPHU</subfield>
    <subfield code="b">BNPHU</subfield>
    <subfield code="d">2025-08-08</subfield>
    <subfield code="h">A&#xF1;o: 2001, noviembre</subfield>
    <subfield code="l">0</subfield>
    <subfield code="p">2025-8127</subfield>
    <subfield code="r">2025-08-08</subfield>
    <subfield code="t">e.4</subfield>
    <subfield code="w">2025-08-08</subfield>
    <subfield code="y">ISSUE</subfield>
    <subfield code="z">De fiesta.</subfield>
  </datafield>
  <datafield tag="952" ind1=" " ind2=" ">
    <subfield code="0">0</subfield>
    <subfield code="1">0</subfield>
    <subfield code="2">ddc</subfield>
    <subfield code="4">0</subfield>
    <subfield code="5">6</subfield>
    <subfield code="7">0</subfield>
    <subfield code="8">SE</subfield>
    <subfield code="a">BNPHU</subfield>
    <subfield code="b">BNPHU</subfield>
    <subfield code="d">2025-08-08</subfield>
    <subfield code="h">A&#xF1;o: 2001, diciembre</subfield>
    <subfield code="l">0</subfield>
    <subfield code="p">2025-8128</subfield>
    <subfield code="r">2025-08-08</subfield>
    <subfield code="t">e.1</subfield>
    <subfield code="w">2025-08-08</subfield>
    <subfield code="y">ISSUE</subfield>
    <subfield code="z">Felices fiestas.</subfield>
  </datafield>
  <datafield tag="952" ind1=" " ind2=" ">
    <subfield code="0">0</subfield>
    <subfield code="1">0</subfield>
    <subfield code="2">ddc</subfield>
    <subfield code="4">0</subfield>
    <subfield code="5">6</subfield>
    <subfield code="7">0</subfield>
    <subfield code="8">SE</subfield>
    <subfield code="a">BNPHU</subfield>
    <subfield code="b">BNPHU</subfield>
    <subfield code="d">2025-08-08</subfield>
    <subfield code="h">A&#xF1;o: 2001, diciembre</subfield>
    <subfield code="l">0</subfield>
    <subfield code="p">2025-8129</subfield>
    <subfield code="r">2025-08-08</subfield>
    <subfield code="t">e.2</subfield>
    <subfield code="w">2025-08-08</subfield>
    <subfield code="y">ISSUE</subfield>
    <subfield code="z">Felices fiestas.</subfield>
  </datafield>
  <datafield tag="952" ind1=" " ind2=" ">
    <subfield code="0">0</subfield>
    <subfield code="1">0</subfield>
    <subfield code="2">ddc</subfield>
    <subfield code="4">0</subfield>
    <subfield code="5">6</subfield>
    <subfield code="7">0</subfield>
    <subfield code="8">SE</subfield>
    <subfield code="a">BNPHU</subfield>
    <subfield code="b">BNPHU</subfield>
    <subfield code="d">2025-08-11</subfield>
    <subfield code="h">Enero 1998</subfield>
    <subfield code="l">0</subfield>
    <subfield code="p">2025-8176</subfield>
    <subfield code="r">2025-08-11</subfield>
    <subfield code="t">e.1</subfield>
    <subfield code="w">2025-08-11</subfield>
    <subfield code="y">ISSUE</subfield>
    <subfield code="z">El Amor viste de Rojo.</subfield>
  </datafield>
  <datafield tag="952" ind1=" " ind2=" ">
    <subfield code="0">0</subfield>
    <subfield code="1">0</subfield>
    <subfield code="2">ddc</subfield>
    <subfield code="4">0</subfield>
    <subfield code="5">6</subfield>
    <subfield code="7">0</subfield>
    <subfield code="8">SE</subfield>
    <subfield code="a">BNPHU</subfield>
    <subfield code="b">BNPHU</subfield>
    <subfield code="d">2025-08-11</subfield>
    <subfield code="h">Enero 1998</subfield>
    <subfield code="l">0</subfield>
    <subfield code="p">2025-8177</subfield>
    <subfield code="r">2025-08-11</subfield>
    <subfield code="t">e.2</subfield>
    <subfield code="w">2025-08-11</subfield>
    <subfield code="y">ISSUE</subfield>
    <subfield code="z">El Amor viste de Rojo.</subfield>
  </datafield>
  <datafield tag="952" ind1=" " ind2=" ">
    <subfield code="0">0</subfield>
    <subfield code="1">0</subfield>
    <subfield code="2">ddc</subfield>
    <subfield code="4">0</subfield>
    <subfield code="5">6</subfield>
    <subfield code="7">0</subfield>
    <subfield code="8">SE</subfield>
    <subfield code="a">BNPHU</subfield>
    <subfield code="b">BNPHU</subfield>
    <subfield code="d">2025-08-11</subfield>
    <subfield code="h">A&#xF1;o: 1998, Volumen: 30, enero</subfield>
    <subfield code="l">0</subfield>
    <subfield code="p">2025-8178</subfield>
    <subfield code="r">2025-08-11</subfield>
    <subfield code="t">e.1</subfield>
    <subfield code="w">2025-08-11</subfield>
    <subfield code="y">ISSUE</subfield>
    <subfield code="z">Luis Rivas, te envuelve en Cristal.</subfield>
  </datafield>
  <datafield tag="952" ind1=" " ind2=" ">
    <subfield code="0">0</subfield>
    <subfield code="1">0</subfield>
    <subfield code="2">ddc</subfield>
    <subfield code="4">0</subfield>
    <subfield code="5">6</subfield>
    <subfield code="7">0</subfield>
    <subfield code="8">SE</subfield>
    <subfield code="a">BNPHU</subfield>
    <subfield code="b">BNPHU</subfield>
    <subfield code="d">2025-08-11</subfield>
    <subfield code="h">A&#xF1;o: 1998, febrero</subfield>
    <subfield code="l">0</subfield>
    <subfield code="p">2025-8184</subfield>
    <subfield code="r">2025-08-11</subfield>
    <subfield code="t">e.1</subfield>
    <subfield code="w">2025-08-11</subfield>
    <subfield code="y">ISSUE</subfield>
    <subfield code="z">A las puertas de la primavera.</subfield>
  </datafield>
  <datafield tag="952" ind1=" " ind2=" ">
    <subfield code="0">0</subfield>
    <subfield code="1">0</subfield>
    <subfield code="2">ddc</subfield>
    <subfield code="4">0</subfield>
    <subfield code="5">6</subfield>
    <subfield code="7">0</subfield>
    <subfield code="8">SE</subfield>
    <subfield code="a">BNPHU</subfield>
    <subfield code="b">BNPHU</subfield>
    <subfield code="d">2025-08-11</subfield>
    <subfield code="h">A&#xF1;o: 1998, febrero</subfield>
    <subfield code="l">0</subfield>
    <subfield code="p">2025-8185</subfield>
    <subfield code="r">2025-08-11</subfield>
    <subfield code="t">e.2</subfield>
    <subfield code="w">2025-08-11</subfield>
    <subfield code="y">ISSUE</subfield>
    <subfield code="z">A las puertas de la primavera.</subfield>
  </datafield>
  <datafield tag="952" ind1=" " ind2=" ">
    <subfield code="0">0</subfield>
    <subfield code="1">0</subfield>
    <subfield code="2">ddc</subfield>
    <subfield code="4">0</subfield>
    <subfield code="5">6</subfield>
    <subfield code="7">0</subfield>
    <subfield code="8">SE</subfield>
    <subfield code="a">BNPHU</subfield>
    <subfield code="b">BNPHU</subfield>
    <subfield code="d">2025-08-11</subfield>
    <subfield code="h">A&#xF1;o: 1998, febrero</subfield>
    <subfield code="l">0</subfield>
    <subfield code="p">2025-8186</subfield>
    <subfield code="r">2025-08-11</subfield>
    <subfield code="t">e.3</subfield>
    <subfield code="w">2025-08-11</subfield>
    <subfield code="y">ISSUE</subfield>
    <subfield code="z">A las puertas de la primavera.</subfield>
  </datafield>
  <datafield tag="952" ind1=" " ind2=" ">
    <subfield code="0">0</subfield>
    <subfield code="1">0</subfield>
    <subfield code="2">ddc</subfield>
    <subfield code="4">0</subfield>
    <subfield code="5">6</subfield>
    <subfield code="7">0</subfield>
    <subfield code="8">SE</subfield>
    <subfield code="a">BNPHU</subfield>
    <subfield code="b">BNPHU</subfield>
    <subfield code="d">2025-08-11</subfield>
    <subfield code="h">A&#xF1;o: 1998, febrero</subfield>
    <subfield code="l">0</subfield>
    <subfield code="p">2025-8187</subfield>
    <subfield code="r">2025-08-11</subfield>
    <subfield code="t">e.4</subfield>
    <subfield code="w">2025-08-11</subfield>
    <subfield code="y">ISSUE</subfield>
    <subfield code="z">A las puertas de la primavera.</subfield>
  </datafield>
  <datafield tag="952" ind1=" " ind2=" ">
    <subfield code="0">0</subfield>
    <subfield code="1">0</subfield>
    <subfield code="2">ddc</subfield>
    <subfield code="4">0</subfield>
    <subfield code="5">6</subfield>
    <subfield code="7">0</subfield>
    <subfield code="8">SE</subfield>
    <subfield code="a">BNPHU</subfield>
    <subfield code="b">BNPHU</subfield>
    <subfield code="d">2025-08-11</subfield>
    <subfield code="h">A&#xF1;o: 1998, abril</subfield>
    <subfield code="l">0</subfield>
    <subfield code="p">2025-8190</subfield>
    <subfield code="r">2025-08-11</subfield>
    <subfield code="t">e.1</subfield>
    <subfield code="w">2025-08-11</subfield>
    <subfield code="y">ISSUE</subfield>
    <subfield code="z">Dise&#xF1;os de Sissy Berm&#xFA;dez.</subfield>
  </datafield>
  <datafield tag="952" ind1=" " ind2=" ">
    <subfield code="0">0</subfield>
    <subfield code="1">0</subfield>
    <subfield code="2">ddc</subfield>
    <subfield code="4">0</subfield>
    <subfield code="5">6</subfield>
    <subfield code="7">0</subfield>
    <subfield code="8">SE</subfield>
    <subfield code="a">BNPHU</subfield>
    <subfield code="b">BNPHU</subfield>
    <subfield code="d">2025-08-11</subfield>
    <subfield code="h">A&#xF1;o: 1998, abril</subfield>
    <subfield code="l">0</subfield>
    <subfield code="p">2025-8191</subfield>
    <subfield code="r">2025-08-11</subfield>
    <subfield code="t">e.2</subfield>
    <subfield code="w">2025-08-11</subfield>
    <subfield code="y">ISSUE</subfield>
    <subfield code="z">Dise&#xF1;os de Sissy Berm&#xFA;dez.</subfield>
  </datafield>
  <datafield tag="952" ind1=" " ind2=" ">
    <subfield code="0">0</subfield>
    <subfield code="1">0</subfield>
    <subfield code="2">ddc</subfield>
    <subfield code="4">0</subfield>
    <subfield code="5">6</subfield>
    <subfield code="7">0</subfield>
    <subfield code="8">SE</subfield>
    <subfield code="a">BNPHU</subfield>
    <subfield code="b">BNPHU</subfield>
    <subfield code="d">2025-08-11</subfield>
    <subfield code="h">A&#xF1;o: 1998, mayo</subfield>
    <subfield code="l">0</subfield>
    <subfield code="p">2025-8194</subfield>
    <subfield code="r">2025-08-11</subfield>
    <subfield code="t">e.1</subfield>
    <subfield code="w">2025-08-11</subfield>
    <subfield code="y">ISSUE</subfield>
    <subfield code="z">Madres, envueltas en la moda.</subfield>
  </datafield>
  <datafield tag="952" ind1=" " ind2=" ">
    <subfield code="0">0</subfield>
    <subfield code="1">0</subfield>
    <subfield code="2">ddc</subfield>
    <subfield code="4">0</subfield>
    <subfield code="5">6</subfield>
    <subfield code="7">0</subfield>
    <subfield code="8">SE</subfield>
    <subfield code="a">BNPHU</subfield>
    <subfield code="b">BNPHU</subfield>
    <subfield code="d">2025-08-11</subfield>
    <subfield code="h">A&#xF1;o: 1998, mayo</subfield>
    <subfield code="l">0</subfield>
    <subfield code="p">2025-8195</subfield>
    <subfield code="r">2025-08-11</subfield>
    <subfield code="t">e.2</subfield>
    <subfield code="w">2025-08-11</subfield>
    <subfield code="y">ISSUE</subfield>
    <subfield code="z">Madres, envueltas en la moda.</subfield>
  </datafield>
  <datafield tag="952" ind1=" " ind2=" ">
    <subfield code="0">0</subfield>
    <subfield code="1">0</subfield>
    <subfield code="2">ddc</subfield>
    <subfield code="4">0</subfield>
    <subfield code="5">6</subfield>
    <subfield code="7">0</subfield>
    <subfield code="8">SE</subfield>
    <subfield code="a">BNPHU</subfield>
    <subfield code="b">BNPHU</subfield>
    <subfield code="d">2025-08-11</subfield>
    <subfield code="h">A&#xF1;o: 1998, junio</subfield>
    <subfield code="l">0</subfield>
    <subfield code="p">2025-8196</subfield>
    <subfield code="r">2025-08-11</subfield>
    <subfield code="t">e.1</subfield>
    <subfield code="w">2025-08-11</subfield>
    <subfield code="y">ISSUE</subfield>
    <subfield code="z">Dise&#xF1;os de Gianni Versace.</subfield>
  </datafield>
  <datafield tag="952" ind1=" " ind2=" ">
    <subfield code="0">0</subfield>
    <subfield code="1">0</subfield>
    <subfield code="2">ddc</subfield>
    <subfield code="4">0</subfield>
    <subfield code="5">6</subfield>
    <subfield code="7">0</subfield>
    <subfield code="8">SE</subfield>
    <subfield code="a">BNPHU</subfield>
    <subfield code="b">BNPHU</subfield>
    <subfield code="d">2025-08-11</subfield>
    <subfield code="h">A&#xF1;o: 1998, junio</subfield>
    <subfield code="l">0</subfield>
    <subfield code="p">2025-8197</subfield>
    <subfield code="r">2025-08-11</subfield>
    <subfield code="t">e.2</subfield>
    <subfield code="w">2025-08-11</subfield>
    <subfield code="y">ISSUE</subfield>
    <subfield code="z">Dise&#xF1;os de Gianni Versace.</subfield>
  </datafield>
  <datafield tag="952" ind1=" " ind2=" ">
    <subfield code="0">0</subfield>
    <subfield code="1">0</subfield>
    <subfield code="2">ddc</subfield>
    <subfield code="4">0</subfield>
    <subfield code="5">6</subfield>
    <subfield code="7">0</subfield>
    <subfield code="8">SE</subfield>
    <subfield code="a">BNPHU</subfield>
    <subfield code="b">BNPHU</subfield>
    <subfield code="d">2025-08-11</subfield>
    <subfield code="h">A&#xF1;o: 1998, julio</subfield>
    <subfield code="l">0</subfield>
    <subfield code="p">2025-8198</subfield>
    <subfield code="r">2025-08-11</subfield>
    <subfield code="t">e.1</subfield>
    <subfield code="w">2025-08-11</subfield>
    <subfield code="y">ISSUE</subfield>
    <subfield code="z">Recordando la primavera en el altar.</subfield>
  </datafield>
  <datafield tag="952" ind1=" " ind2=" ">
    <subfield code="0">0</subfield>
    <subfield code="1">0</subfield>
    <subfield code="2">ddc</subfield>
    <subfield code="4">0</subfield>
    <subfield code="5">6</subfield>
    <subfield code="7">0</subfield>
    <subfield code="8">SE</subfield>
    <subfield code="a">BNPHU</subfield>
    <subfield code="b">BNPHU</subfield>
    <subfield code="d">2025-08-11</subfield>
    <subfield code="h">A&#xF1;o: 1998, agosto</subfield>
    <subfield code="l">0</subfield>
    <subfield code="p">2025-8199</subfield>
    <subfield code="r">2025-08-11</subfield>
    <subfield code="t">e.1</subfield>
    <subfield code="w">2025-08-11</subfield>
    <subfield code="y">ISSUE</subfield>
    <subfield code="z">Ardientes transparencias.</subfield>
  </datafield>
  <datafield tag="952" ind1=" " ind2=" ">
    <subfield code="0">0</subfield>
    <subfield code="1">0</subfield>
    <subfield code="2">ddc</subfield>
    <subfield code="4">0</subfield>
    <subfield code="5">6</subfield>
    <subfield code="7">0</subfield>
    <subfield code="8">SE</subfield>
    <subfield code="a">BNPHU</subfield>
    <subfield code="b">BNPHU</subfield>
    <subfield code="d">2025-08-11</subfield>
    <subfield code="h">A&#xF1;o: 1998, agosto</subfield>
    <subfield code="l">0</subfield>
    <subfield code="p">2025-8200</subfield>
    <subfield code="r">2025-08-11</subfield>
    <subfield code="t">e.2</subfield>
    <subfield code="w">2025-08-11</subfield>
    <subfield code="y">ISSUE</subfield>
    <subfield code="z">Ardientes transparencias.</subfield>
  </datafield>
  <datafield tag="952" ind1=" " ind2=" ">
    <subfield code="0">0</subfield>
    <subfield code="1">0</subfield>
    <subfield code="2">ddc</subfield>
    <subfield code="4">0</subfield>
    <subfield code="5">6</subfield>
    <subfield code="7">0</subfield>
    <subfield code="8">SE</subfield>
    <subfield code="a">BNPHU</subfield>
    <subfield code="b">BNPHU</subfield>
    <subfield code="d">2025-08-11</subfield>
    <subfield code="h">A&#xF1;o: 1998, septiembre</subfield>
    <subfield code="l">0</subfield>
    <subfield code="p">2025-8201</subfield>
    <subfield code="r">2025-08-11</subfield>
    <subfield code="t">e.1</subfield>
    <subfield code="w">2025-08-11</subfield>
    <subfield code="y">ISSUE</subfield>
    <subfield code="z">Ilusi&#xF3;n dorada.</subfield>
  </datafield>
  <datafield tag="952" ind1=" " ind2=" ">
    <subfield code="0">0</subfield>
    <subfield code="1">0</subfield>
    <subfield code="2">ddc</subfield>
    <subfield code="4">0</subfield>
    <subfield code="5">6</subfield>
    <subfield code="7">0</subfield>
    <subfield code="8">SE</subfield>
    <subfield code="a">BNPHU</subfield>
    <subfield code="b">BNPHU</subfield>
    <subfield code="d">2025-08-11</subfield>
    <subfield code="h">A&#xF1;o: 1998, octubre</subfield>
    <subfield code="l">0</subfield>
    <subfield code="p">2025-8202</subfield>
    <subfield code="r">2025-08-11</subfield>
    <subfield code="t">e.1</subfield>
    <subfield code="w">2025-08-11</subfield>
    <subfield code="y">ISSUE</subfield>
    <subfield code="z">Guti&#xE9;rrez &amp; Marcano: y la tendencia al minimalismo barroco.</subfield>
  </datafield>
  <datafield tag="952" ind1=" " ind2=" ">
    <subfield code="0">0</subfield>
    <subfield code="1">0</subfield>
    <subfield code="2">ddc</subfield>
    <subfield code="4">0</subfield>
    <subfield code="5">6</subfield>
    <subfield code="7">0</subfield>
    <subfield code="8">SE</subfield>
    <subfield code="a">BNPHU</subfield>
    <subfield code="b">BNPHU</subfield>
    <subfield code="d">2025-08-11</subfield>
    <subfield code="h">A&#xF1;o: 1998, noviembre</subfield>
    <subfield code="l">0</subfield>
    <subfield code="p">2025-8203</subfield>
    <subfield code="r">2025-08-11</subfield>
    <subfield code="t">e.1</subfield>
    <subfield code="w">2025-08-11</subfield>
    <subfield code="y">ISSUE</subfield>
    <subfield code="z">Rafael D&#xB4; Le&#xF3;n, y sus gloriosas &#xE9;pocas.</subfield>
  </datafield>
  <datafield tag="952" ind1=" " ind2=" ">
    <subfield code="0">0</subfield>
    <subfield code="1">0</subfield>
    <subfield code="2">ddc</subfield>
    <subfield code="4">0</subfield>
    <subfield code="5">6</subfield>
    <subfield code="7">0</subfield>
    <subfield code="8">SE</subfield>
    <subfield code="a">BNPHU</subfield>
    <subfield code="b">BNPHU</subfield>
    <subfield code="d">2025-08-11</subfield>
    <subfield code="h">A&#xF1;o: 1998, noviembre</subfield>
    <subfield code="l">0</subfield>
    <subfield code="p">2025-8204</subfield>
    <subfield code="r">2025-08-11</subfield>
    <subfield code="t">e.2</subfield>
    <subfield code="w">2025-08-11</subfield>
    <subfield code="y">ISSUE</subfield>
    <subfield code="z">Rafael D&#xB4; Le&#xF3;n, y sus gloriosas &#xE9;pocas.</subfield>
  </datafield>
  <datafield tag="952" ind1=" " ind2=" ">
    <subfield code="0">0</subfield>
    <subfield code="1">0</subfield>
    <subfield code="2">ddc</subfield>
    <subfield code="4">0</subfield>
    <subfield code="5">6</subfield>
    <subfield code="7">0</subfield>
    <subfield code="8">SE</subfield>
    <subfield code="a">BNPHU</subfield>
    <subfield code="b">BNPHU</subfield>
    <subfield code="d">2025-08-11</subfield>
    <subfield code="h">A&#xF1;o: 1998, noviembre</subfield>
    <subfield code="l">0</subfield>
    <subfield code="p">2025-8205</subfield>
    <subfield code="r">2025-08-11</subfield>
    <subfield code="t">e.3</subfield>
    <subfield code="w">2025-08-11</subfield>
    <subfield code="y">ISSUE</subfield>
    <subfield code="z">Rafael D&#xB4; Le&#xF3;n, y sus gloriosas &#xE9;pocas.</subfield>
  </datafield>
  <datafield tag="952" ind1=" " ind2=" ">
    <subfield code="0">0</subfield>
    <subfield code="1">0</subfield>
    <subfield code="2">ddc</subfield>
    <subfield code="4">0</subfield>
    <subfield code="5">6</subfield>
    <subfield code="7">0</subfield>
    <subfield code="8">SE</subfield>
    <subfield code="a">BNPHU</subfield>
    <subfield code="b">BNPHU</subfield>
    <subfield code="d">2025-08-11</subfield>
    <subfield code="h">A&#xF1;o: 1998, diciembre</subfield>
    <subfield code="l">0</subfield>
    <subfield code="p">2025-8207</subfield>
    <subfield code="r">2025-08-11</subfield>
    <subfield code="t">e.1</subfield>
    <subfield code="w">2025-08-11</subfield>
    <subfield code="y">ISSUE</subfield>
    <subfield code="z">Propuestas para las fiestas.</subfield>
  </datafield>
  <datafield tag="952" ind1=" " ind2=" ">
    <subfield code="0">0</subfield>
    <subfield code="1">0</subfield>
    <subfield code="2">ddc</subfield>
    <subfield code="4">0</subfield>
    <subfield code="5">6</subfield>
    <subfield code="7">0</subfield>
    <subfield code="8">SE</subfield>
    <subfield code="a">BNPHU</subfield>
    <subfield code="b">BNPHU</subfield>
    <subfield code="d">2025-08-11</subfield>
    <subfield code="h">A&#xF1;o: 1998, diciembre</subfield>
    <subfield code="l">0</subfield>
    <subfield code="p">2025-8211</subfield>
    <subfield code="r">2025-08-11</subfield>
    <subfield code="t">e.2</subfield>
    <subfield code="w">2025-08-11</subfield>
    <subfield code="y">ISSUE</subfield>
    <subfield code="z">Propuestas para las fiestas.</subfield>
  </datafield>
  <datafield tag="952" ind1=" " ind2=" ">
    <subfield code="0">0</subfield>
    <subfield code="1">0</subfield>
    <subfield code="2">ddc</subfield>
    <subfield code="4">0</subfield>
    <subfield code="5">6</subfield>
    <subfield code="7">0</subfield>
    <subfield code="8">SE</subfield>
    <subfield code="a">BNPHU</subfield>
    <subfield code="b">BNPHU</subfield>
    <subfield code="d">2025-08-11</subfield>
    <subfield code="h">A&#xF1;o: 1999, enero</subfield>
    <subfield code="l">0</subfield>
    <subfield code="p">2025-8215</subfield>
    <subfield code="r">2025-08-11</subfield>
    <subfield code="t">e.1</subfield>
    <subfield code="w">2025-08-11</subfield>
    <subfield code="y">ISSUE</subfield>
    <subfield code="z">Adios a las fiestas... ahora a adelgazar.</subfield>
  </datafield>
  <datafield tag="952" ind1=" " ind2=" ">
    <subfield code="0">0</subfield>
    <subfield code="1">0</subfield>
    <subfield code="2">ddc</subfield>
    <subfield code="4">0</subfield>
    <subfield code="5">6</subfield>
    <subfield code="7">0</subfield>
    <subfield code="8">SE</subfield>
    <subfield code="a">BNPHU</subfield>
    <subfield code="b">BNPHU</subfield>
    <subfield code="d">2025-08-11</subfield>
    <subfield code="h">A&#xF1;o: 1999, enero</subfield>
    <subfield code="l">0</subfield>
    <subfield code="p">2025-8216</subfield>
    <subfield code="r">2025-08-11</subfield>
    <subfield code="t">e.2</subfield>
    <subfield code="w">2025-08-11</subfield>
    <subfield code="y">ISSUE</subfield>
    <subfield code="z">Adios a las fiestas... ahora a adelgazar.</subfield>
  </datafield>
  <datafield tag="952" ind1=" " ind2=" ">
    <subfield code="0">0</subfield>
    <subfield code="1">0</subfield>
    <subfield code="2">ddc</subfield>
    <subfield code="4">0</subfield>
    <subfield code="5">6</subfield>
    <subfield code="7">0</subfield>
    <subfield code="8">SE</subfield>
    <subfield code="a">BNPHU</subfield>
    <subfield code="b">BNPHU</subfield>
    <subfield code="d">2025-08-11</subfield>
    <subfield code="h">A&#xF1;o: 1999, enero</subfield>
    <subfield code="l">0</subfield>
    <subfield code="p">2025-8217</subfield>
    <subfield code="r">2025-08-11</subfield>
    <subfield code="t">e.3</subfield>
    <subfield code="w">2025-08-11</subfield>
    <subfield code="y">ISSUE</subfield>
    <subfield code="z">Adios a las fiestas... ahora a adelgazar.</subfield>
  </datafield>
  <datafield tag="952" ind1=" " ind2=" ">
    <subfield code="0">0</subfield>
    <subfield code="1">0</subfield>
    <subfield code="2">ddc</subfield>
    <subfield code="4">0</subfield>
    <subfield code="5">6</subfield>
    <subfield code="7">0</subfield>
    <subfield code="8">SE</subfield>
    <subfield code="a">BNPHU</subfield>
    <subfield code="b">BNPHU</subfield>
    <subfield code="d">2025-08-11</subfield>
    <subfield code="h">A&#xF1;o: 1999, enero</subfield>
    <subfield code="l">0</subfield>
    <subfield code="p">2025-8218</subfield>
    <subfield code="r">2025-08-11</subfield>
    <subfield code="t">e.4</subfield>
    <subfield code="w">2025-08-11</subfield>
    <subfield code="y">ISSUE</subfield>
    <subfield code="z">Adios a las fiestas... ahora a adelgazar.</subfield>
  </datafield>
  <datafield tag="952" ind1=" " ind2=" ">
    <subfield code="0">0</subfield>
    <subfield code="1">0</subfield>
    <subfield code="2">ddc</subfield>
    <subfield code="4">0</subfield>
    <subfield code="5">6</subfield>
    <subfield code="7">0</subfield>
    <subfield code="8">SE</subfield>
    <subfield code="a">BNPHU</subfield>
    <subfield code="b">BNPHU</subfield>
    <subfield code="d">2025-08-11</subfield>
    <subfield code="h">A&#xF1;o: 1999, febrero</subfield>
    <subfield code="l">0</subfield>
    <subfield code="p">2025-8219</subfield>
    <subfield code="r">2025-08-11</subfield>
    <subfield code="t">e.1</subfield>
    <subfield code="w">2025-08-11</subfield>
    <subfield code="y">ISSUE</subfield>
    <subfield code="z">Ilusi&#xF3;n de amor. </subfield>
  </datafield>
  <datafield tag="952" ind1=" " ind2=" ">
    <subfield code="0">0</subfield>
    <subfield code="1">0</subfield>
    <subfield code="2">ddc</subfield>
    <subfield code="4">0</subfield>
    <subfield code="5">6</subfield>
    <subfield code="7">0</subfield>
    <subfield code="8">SE</subfield>
    <subfield code="a">BNPHU</subfield>
    <subfield code="b">BNPHU</subfield>
    <subfield code="d">2025-08-11</subfield>
    <subfield code="h">A&#xF1;o: 1999, febrero</subfield>
    <subfield code="l">0</subfield>
    <subfield code="p">2025-8220</subfield>
    <subfield code="r">2025-08-11</subfield>
    <subfield code="t">e.2</subfield>
    <subfield code="w">2025-08-11</subfield>
    <subfield code="y">ISSUE</subfield>
    <subfield code="z">Ilusi&#xF3;n de amor. </subfield>
  </datafield>
  <datafield tag="952" ind1=" " ind2=" ">
    <subfield code="0">0</subfield>
    <subfield code="1">0</subfield>
    <subfield code="2">ddc</subfield>
    <subfield code="4">0</subfield>
    <subfield code="5">6</subfield>
    <subfield code="7">0</subfield>
    <subfield code="8">SE</subfield>
    <subfield code="a">BNPHU</subfield>
    <subfield code="b">BNPHU</subfield>
    <subfield code="d">2025-08-11</subfield>
    <subfield code="h">A&#xF1;o: 1999, febrero</subfield>
    <subfield code="l">0</subfield>
    <subfield code="p">2025-8221</subfield>
    <subfield code="r">2025-08-11</subfield>
    <subfield code="t">e.3</subfield>
    <subfield code="w">2025-08-11</subfield>
    <subfield code="y">ISSUE</subfield>
    <subfield code="z">Ilusi&#xF3;n de amor. </subfield>
  </datafield>
  <datafield tag="952" ind1=" " ind2=" ">
    <subfield code="0">0</subfield>
    <subfield code="1">0</subfield>
    <subfield code="2">ddc</subfield>
    <subfield code="4">0</subfield>
    <subfield code="5">6</subfield>
    <subfield code="7">0</subfield>
    <subfield code="8">SE</subfield>
    <subfield code="a">BNPHU</subfield>
    <subfield code="b">BNPHU</subfield>
    <subfield code="d">2025-08-11</subfield>
    <subfield code="h">A&#xF1;o: 1999, febrero</subfield>
    <subfield code="l">0</subfield>
    <subfield code="p">2025-8222</subfield>
    <subfield code="r">2025-08-11</subfield>
    <subfield code="t">e.4</subfield>
    <subfield code="w">2025-08-11</subfield>
    <subfield code="y">ISSUE</subfield>
    <subfield code="z">Ilusi&#xF3;n de amor. </subfield>
  </datafield>
  <datafield tag="952" ind1=" " ind2=" ">
    <subfield code="0">0</subfield>
    <subfield code="1">0</subfield>
    <subfield code="2">ddc</subfield>
    <subfield code="4">0</subfield>
    <subfield code="5">6</subfield>
    <subfield code="7">0</subfield>
    <subfield code="8">SE</subfield>
    <subfield code="a">BNPHU</subfield>
    <subfield code="b">BNPHU</subfield>
    <subfield code="d">2025-08-11</subfield>
    <subfield code="h">A&#xF1;o: 1999, febrero</subfield>
    <subfield code="l">0</subfield>
    <subfield code="p">2025-8223</subfield>
    <subfield code="r">2025-08-11</subfield>
    <subfield code="t">e.5</subfield>
    <subfield code="w">2025-08-11</subfield>
    <subfield code="y">ISSUE</subfield>
    <subfield code="z">Ilusi&#xF3;n de amor. </subfield>
  </datafield>
  <datafield tag="952" ind1=" " ind2=" ">
    <subfield code="0">0</subfield>
    <subfield code="1">0</subfield>
    <subfield code="2">ddc</subfield>
    <subfield code="4">0</subfield>
    <subfield code="5">6</subfield>
    <subfield code="7">0</subfield>
    <subfield code="8">SE</subfield>
    <subfield code="a">BNPHU</subfield>
    <subfield code="b">BNPHU</subfield>
    <subfield code="d">2025-08-11</subfield>
    <subfield code="h">A&#xF1;o: 1999, marzo</subfield>
    <subfield code="l">0</subfield>
    <subfield code="p">2025-8224</subfield>
    <subfield code="r">2025-08-11</subfield>
    <subfield code="t">e.1</subfield>
    <subfield code="w">2025-08-11</subfield>
    <subfield code="y">ISSUE</subfield>
    <subfield code="z">Ba&#xF1;adores, atrevidos y reservados. </subfield>
  </datafield>
  <datafield tag="952" ind1=" " ind2=" ">
    <subfield code="0">0</subfield>
    <subfield code="1">0</subfield>
    <subfield code="2">ddc</subfield>
    <subfield code="4">0</subfield>
    <subfield code="5">6</subfield>
    <subfield code="7">0</subfield>
    <subfield code="8">SE</subfield>
    <subfield code="a">BNPHU</subfield>
    <subfield code="b">BNPHU</subfield>
    <subfield code="d">2025-08-11</subfield>
    <subfield code="h">A&#xF1;o: 1999, marzo</subfield>
    <subfield code="l">0</subfield>
    <subfield code="p">2025-8225</subfield>
    <subfield code="r">2025-08-11</subfield>
    <subfield code="t">e.2</subfield>
    <subfield code="w">2025-08-11</subfield>
    <subfield code="y">ISSUE</subfield>
    <subfield code="z">Ba&#xF1;adores, atrevidos y reservados. </subfield>
  </datafield>
  <datafield tag="952" ind1=" " ind2=" ">
    <subfield code="0">0</subfield>
    <subfield code="1">0</subfield>
    <subfield code="2">ddc</subfield>
    <subfield code="4">0</subfield>
    <subfield code="5">6</subfield>
    <subfield code="7">0</subfield>
    <subfield code="8">SE</subfield>
    <subfield code="a">BNPHU</subfield>
    <subfield code="b">BNPHU</subfield>
    <subfield code="d">2025-08-11</subfield>
    <subfield code="h">A&#xF1;o: 1999, marzo</subfield>
    <subfield code="l">0</subfield>
    <subfield code="p">2025-8226</subfield>
    <subfield code="r">2025-08-11</subfield>
    <subfield code="t">e.3</subfield>
    <subfield code="w">2025-08-11</subfield>
    <subfield code="y">ISSUE</subfield>
    <subfield code="z">Ba&#xF1;adores, atrevidos y reservados. </subfield>
  </datafield>
  <datafield tag="952" ind1=" " ind2=" ">
    <subfield code="0">0</subfield>
    <subfield code="1">0</subfield>
    <subfield code="2">ddc</subfield>
    <subfield code="4">0</subfield>
    <subfield code="5">6</subfield>
    <subfield code="7">0</subfield>
    <subfield code="8">SE</subfield>
    <subfield code="a">BNPHU</subfield>
    <subfield code="b">BNPHU</subfield>
    <subfield code="d">2025-08-11</subfield>
    <subfield code="h">A&#xF1;o: 1999, marzo</subfield>
    <subfield code="l">0</subfield>
    <subfield code="p">2025-8227</subfield>
    <subfield code="r">2025-08-11</subfield>
    <subfield code="t">e.4</subfield>
    <subfield code="w">2025-08-11</subfield>
    <subfield code="y">ISSUE</subfield>
    <subfield code="z">Ba&#xF1;adores, atrevidos y reservados. </subfield>
  </datafield>
  <datafield tag="952" ind1=" " ind2=" ">
    <subfield code="0">0</subfield>
    <subfield code="1">0</subfield>
    <subfield code="2">ddc</subfield>
    <subfield code="4">0</subfield>
    <subfield code="5">6</subfield>
    <subfield code="7">0</subfield>
    <subfield code="8">SE</subfield>
    <subfield code="a">BNPHU</subfield>
    <subfield code="b">BNPHU</subfield>
    <subfield code="d">2025-08-11</subfield>
    <subfield code="h">A&#xF1;o: 1999, marzo</subfield>
    <subfield code="l">0</subfield>
    <subfield code="p">2025-8228</subfield>
    <subfield code="r">2025-08-11</subfield>
    <subfield code="t">e.5</subfield>
    <subfield code="w">2025-08-11</subfield>
    <subfield code="y">ISSUE</subfield>
    <subfield code="z">Ba&#xF1;adores, atrevidos y reservados. </subfield>
  </datafield>
  <datafield tag="952" ind1=" " ind2=" ">
    <subfield code="0">0</subfield>
    <subfield code="1">0</subfield>
    <subfield code="2">ddc</subfield>
    <subfield code="4">0</subfield>
    <subfield code="5">6</subfield>
    <subfield code="7">0</subfield>
    <subfield code="8">SE</subfield>
    <subfield code="a">BNPHU</subfield>
    <subfield code="b">BNPHU</subfield>
    <subfield code="d">2025-08-11</subfield>
    <subfield code="h">A&#xF1;o: 1999, abril</subfield>
    <subfield code="l">0</subfield>
    <subfield code="p">2025-8229</subfield>
    <subfield code="r">2025-08-11</subfield>
    <subfield code="t">e.1</subfield>
    <subfield code="w">2025-08-11</subfield>
    <subfield code="y">ISSUE</subfield>
    <subfield code="z">Como el viento primaveral.</subfield>
  </datafield>
  <datafield tag="952" ind1=" " ind2=" ">
    <subfield code="0">0</subfield>
    <subfield code="1">0</subfield>
    <subfield code="2">ddc</subfield>
    <subfield code="4">0</subfield>
    <subfield code="5">6</subfield>
    <subfield code="7">0</subfield>
    <subfield code="8">SE</subfield>
    <subfield code="a">BNPHU</subfield>
    <subfield code="b">BNPHU</subfield>
    <subfield code="d">2025-08-11</subfield>
    <subfield code="h">A&#xF1;o: 1999, abril</subfield>
    <subfield code="l">0</subfield>
    <subfield code="p">2025-8230</subfield>
    <subfield code="r">2025-08-11</subfield>
    <subfield code="t">e.2</subfield>
    <subfield code="w">2025-08-11</subfield>
    <subfield code="y">ISSUE</subfield>
    <subfield code="z">Como el viento primaveral.</subfield>
  </datafield>
  <datafield tag="952" ind1=" " ind2=" ">
    <subfield code="0">0</subfield>
    <subfield code="1">0</subfield>
    <subfield code="2">ddc</subfield>
    <subfield code="4">0</subfield>
    <subfield code="5">6</subfield>
    <subfield code="7">0</subfield>
    <subfield code="8">SE</subfield>
    <subfield code="a">BNPHU</subfield>
    <subfield code="b">BNPHU</subfield>
    <subfield code="d">2025-08-11</subfield>
    <subfield code="h">A&#xF1;o: 1999, abril</subfield>
    <subfield code="l">0</subfield>
    <subfield code="p">2025-8231</subfield>
    <subfield code="r">2025-08-11</subfield>
    <subfield code="t">e.3</subfield>
    <subfield code="w">2025-08-11</subfield>
    <subfield code="y">ISSUE</subfield>
    <subfield code="z">Como el viento primaveral.</subfield>
  </datafield>
  <datafield tag="952" ind1=" " ind2=" ">
    <subfield code="0">0</subfield>
    <subfield code="1">0</subfield>
    <subfield code="2">ddc</subfield>
    <subfield code="4">0</subfield>
    <subfield code="5">6</subfield>
    <subfield code="7">0</subfield>
    <subfield code="8">SE</subfield>
    <subfield code="a">BNPHU</subfield>
    <subfield code="b">BNPHU</subfield>
    <subfield code="d">2025-08-11</subfield>
    <subfield code="h">A&#xF1;o: 1999, abril</subfield>
    <subfield code="l">0</subfield>
    <subfield code="p">2025-8233</subfield>
    <subfield code="r">2025-08-11</subfield>
    <subfield code="t">e.3</subfield>
    <subfield code="w">2025-08-11</subfield>
    <subfield code="y">ISSUE</subfield>
    <subfield code="z">Como el viento primaveral.</subfield>
  </datafield>
  <datafield tag="952" ind1=" " ind2=" ">
    <subfield code="0">0</subfield>
    <subfield code="1">0</subfield>
    <subfield code="2">ddc</subfield>
    <subfield code="4">0</subfield>
    <subfield code="5">6</subfield>
    <subfield code="7">0</subfield>
    <subfield code="8">SE</subfield>
    <subfield code="a">BNPHU</subfield>
    <subfield code="b">BNPHU</subfield>
    <subfield code="d">2025-08-11</subfield>
    <subfield code="h">A&#xF1;o: 1999, abril</subfield>
    <subfield code="l">0</subfield>
    <subfield code="p">2025-8236</subfield>
    <subfield code="r">2025-08-11</subfield>
    <subfield code="t">e.5</subfield>
    <subfield code="w">2025-08-11</subfield>
    <subfield code="y">ISSUE</subfield>
    <subfield code="z">Como el viento primaveral.</subfield>
  </datafield>
  <datafield tag="952" ind1=" " ind2=" ">
    <subfield code="0">0</subfield>
    <subfield code="1">0</subfield>
    <subfield code="2">ddc</subfield>
    <subfield code="4">0</subfield>
    <subfield code="5">6</subfield>
    <subfield code="7">0</subfield>
    <subfield code="8">SE</subfield>
    <subfield code="a">BNPHU</subfield>
    <subfield code="b">BNPHU</subfield>
    <subfield code="d">2025-08-11</subfield>
    <subfield code="h">A&#xF1;o: 1999, mayo</subfield>
    <subfield code="l">0</subfield>
    <subfield code="p">2025-8245</subfield>
    <subfield code="r">2025-08-11</subfield>
    <subfield code="t">e.1</subfield>
    <subfield code="w">2025-08-11</subfield>
    <subfield code="y">ISSUE</subfield>
    <subfield code="z">Novias en rosa: del &#xFA;ltimo verano del milenio.</subfield>
  </datafield>
  <datafield tag="952" ind1=" " ind2=" ">
    <subfield code="0">0</subfield>
    <subfield code="1">0</subfield>
    <subfield code="2">ddc</subfield>
    <subfield code="4">0</subfield>
    <subfield code="5">6</subfield>
    <subfield code="7">0</subfield>
    <subfield code="8">SE</subfield>
    <subfield code="a">BNPHU</subfield>
    <subfield code="b">BNPHU</subfield>
    <subfield code="d">2025-08-11</subfield>
    <subfield code="h">A&#xF1;o: 1999, mayo</subfield>
    <subfield code="l">0</subfield>
    <subfield code="p">2025-8246</subfield>
    <subfield code="r">2025-08-11</subfield>
    <subfield code="t">e.2</subfield>
    <subfield code="w">2025-08-11</subfield>
    <subfield code="y">ISSUE</subfield>
    <subfield code="z">Novias en rosa: del &#xFA;ltimo verano del milenio.</subfield>
  </datafield>
  <datafield tag="952" ind1=" " ind2=" ">
    <subfield code="0">0</subfield>
    <subfield code="1">0</subfield>
    <subfield code="2">ddc</subfield>
    <subfield code="4">0</subfield>
    <subfield code="5">6</subfield>
    <subfield code="7">0</subfield>
    <subfield code="8">SE</subfield>
    <subfield code="a">BNPHU</subfield>
    <subfield code="b">BNPHU</subfield>
    <subfield code="d">2025-08-11</subfield>
    <subfield code="h">A&#xF1;o: 1999, mayo</subfield>
    <subfield code="l">0</subfield>
    <subfield code="p">2025-8247</subfield>
    <subfield code="r">2025-08-11</subfield>
    <subfield code="t">e.3</subfield>
    <subfield code="w">2025-08-11</subfield>
    <subfield code="y">ISSUE</subfield>
    <subfield code="z">Novias en rosa: del &#xFA;ltimo verano del milenio.</subfield>
  </datafield>
  <datafield tag="952" ind1=" " ind2=" ">
    <subfield code="0">0</subfield>
    <subfield code="1">0</subfield>
    <subfield code="2">ddc</subfield>
    <subfield code="4">0</subfield>
    <subfield code="5">6</subfield>
    <subfield code="7">0</subfield>
    <subfield code="8">SE</subfield>
    <subfield code="a">BNPHU</subfield>
    <subfield code="b">BNPHU</subfield>
    <subfield code="d">2025-08-11</subfield>
    <subfield code="h">A&#xF1;o: 1999, mayo</subfield>
    <subfield code="l">0</subfield>
    <subfield code="p">2025-8248</subfield>
    <subfield code="r">2025-08-11</subfield>
    <subfield code="t">e.4</subfield>
    <subfield code="w">2025-08-11</subfield>
    <subfield code="y">ISSUE</subfield>
    <subfield code="z">Novias en rosa: del &#xFA;ltimo verano del milenio.</subfield>
  </datafield>
  <datafield tag="952" ind1=" " ind2=" ">
    <subfield code="0">0</subfield>
    <subfield code="1">0</subfield>
    <subfield code="2">ddc</subfield>
    <subfield code="4">0</subfield>
    <subfield code="5">6</subfield>
    <subfield code="7">0</subfield>
    <subfield code="8">SE</subfield>
    <subfield code="a">BNPHU</subfield>
    <subfield code="b">BNPHU</subfield>
    <subfield code="d">2025-08-11</subfield>
    <subfield code="h">A&#xF1;o: 1999, junio</subfield>
    <subfield code="l">0</subfield>
    <subfield code="p">2025-8254</subfield>
    <subfield code="r">2025-08-11</subfield>
    <subfield code="t">e.1</subfield>
    <subfield code="w">2025-08-11</subfield>
    <subfield code="y">ISSUE</subfield>
    <subfield code="z">Los jeans una pieza super especial.</subfield>
  </datafield>
  <datafield tag="952" ind1=" " ind2=" ">
    <subfield code="0">0</subfield>
    <subfield code="1">0</subfield>
    <subfield code="2">ddc</subfield>
    <subfield code="4">0</subfield>
    <subfield code="5">6</subfield>
    <subfield code="7">0</subfield>
    <subfield code="8">SE</subfield>
    <subfield code="a">BNPHU</subfield>
    <subfield code="b">BNPHU</subfield>
    <subfield code="d">2025-08-11</subfield>
    <subfield code="h">A&#xF1;o: 1999, junio</subfield>
    <subfield code="l">0</subfield>
    <subfield code="p">2025-8255</subfield>
    <subfield code="r">2025-08-11</subfield>
    <subfield code="t">e.2</subfield>
    <subfield code="w">2025-08-11</subfield>
    <subfield code="y">ISSUE</subfield>
    <subfield code="z">Los jeans una pieza super especial.</subfield>
  </datafield>
  <datafield tag="952" ind1=" " ind2=" ">
    <subfield code="0">0</subfield>
    <subfield code="1">0</subfield>
    <subfield code="2">ddc</subfield>
    <subfield code="4">0</subfield>
    <subfield code="5">6</subfield>
    <subfield code="7">0</subfield>
    <subfield code="8">SE</subfield>
    <subfield code="a">BNPHU</subfield>
    <subfield code="b">BNPHU</subfield>
    <subfield code="d">2025-08-11</subfield>
    <subfield code="h">A&#xF1;o: 1999, junio</subfield>
    <subfield code="l">0</subfield>
    <subfield code="p">2025-8256</subfield>
    <subfield code="r">2025-08-11</subfield>
    <subfield code="t">e.3</subfield>
    <subfield code="w">2025-08-11</subfield>
    <subfield code="y">ISSUE</subfield>
    <subfield code="z">Los jeans una pieza super especial.</subfield>
  </datafield>
  <datafield tag="952" ind1=" " ind2=" ">
    <subfield code="0">0</subfield>
    <subfield code="1">0</subfield>
    <subfield code="2">ddc</subfield>
    <subfield code="4">0</subfield>
    <subfield code="5">6</subfield>
    <subfield code="7">0</subfield>
    <subfield code="8">SE</subfield>
    <subfield code="a">BNPHU</subfield>
    <subfield code="b">BNPHU</subfield>
    <subfield code="d">2025-08-11</subfield>
    <subfield code="h">A&#xF1;o: 1999, julio</subfield>
    <subfield code="l">0</subfield>
    <subfield code="p">2025-8257</subfield>
    <subfield code="r">2025-08-11</subfield>
    <subfield code="t">e.1</subfield>
    <subfield code="w">2025-08-11</subfield>
    <subfield code="y">ISSUE</subfield>
    <subfield code="z">Ba&#xF1;adores, atractivos y tentadores.</subfield>
  </datafield>
  <datafield tag="952" ind1=" " ind2=" ">
    <subfield code="0">0</subfield>
    <subfield code="1">0</subfield>
    <subfield code="2">ddc</subfield>
    <subfield code="4">0</subfield>
    <subfield code="5">6</subfield>
    <subfield code="7">0</subfield>
    <subfield code="8">SE</subfield>
    <subfield code="a">BNPHU</subfield>
    <subfield code="b">BNPHU</subfield>
    <subfield code="d">2025-08-11</subfield>
    <subfield code="h">A&#xF1;o: 1999, julio</subfield>
    <subfield code="l">0</subfield>
    <subfield code="p">2025-8258</subfield>
    <subfield code="r">2025-08-11</subfield>
    <subfield code="t">e.2</subfield>
    <subfield code="w">2025-08-11</subfield>
    <subfield code="y">ISSUE</subfield>
    <subfield code="z">Ba&#xF1;adores, atractivos y tentadores.</subfield>
  </datafield>
  <datafield tag="952" ind1=" " ind2=" ">
    <subfield code="0">0</subfield>
    <subfield code="1">0</subfield>
    <subfield code="2">ddc</subfield>
    <subfield code="4">0</subfield>
    <subfield code="5">6</subfield>
    <subfield code="7">0</subfield>
    <subfield code="8">SE</subfield>
    <subfield code="a">BNPHU</subfield>
    <subfield code="b">BNPHU</subfield>
    <subfield code="d">2025-08-11</subfield>
    <subfield code="h">A&#xF1;o: 1999, julio</subfield>
    <subfield code="l">0</subfield>
    <subfield code="p">2025-8259</subfield>
    <subfield code="r">2025-08-11</subfield>
    <subfield code="t">e.3</subfield>
    <subfield code="w">2025-08-11</subfield>
    <subfield code="y">ISSUE</subfield>
    <subfield code="z">Ba&#xF1;adores, atractivos y tentadores.</subfield>
  </datafield>
  <datafield tag="952" ind1=" " ind2=" ">
    <subfield code="0">0</subfield>
    <subfield code="1">0</subfield>
    <subfield code="2">ddc</subfield>
    <subfield code="4">0</subfield>
    <subfield code="5">6</subfield>
    <subfield code="7">0</subfield>
    <subfield code="8">SE</subfield>
    <subfield code="a">BNPHU</subfield>
    <subfield code="b">BNPHU</subfield>
    <subfield code="d">2025-08-11</subfield>
    <subfield code="h">A&#xF1;o: 1999, julio</subfield>
    <subfield code="l">0</subfield>
    <subfield code="p">2025-8260</subfield>
    <subfield code="r">2025-08-11</subfield>
    <subfield code="t">e.4</subfield>
    <subfield code="w">2025-08-11</subfield>
    <subfield code="y">ISSUE</subfield>
    <subfield code="z">Ba&#xF1;adores, atractivos y tentadores.</subfield>
  </datafield>
  <datafield tag="952" ind1=" " ind2=" ">
    <subfield code="0">0</subfield>
    <subfield code="1">0</subfield>
    <subfield code="2">ddc</subfield>
    <subfield code="4">0</subfield>
    <subfield code="5">6</subfield>
    <subfield code="7">0</subfield>
    <subfield code="8">SE</subfield>
    <subfield code="a">BNPHU</subfield>
    <subfield code="b">BNPHU</subfield>
    <subfield code="d">2025-08-11</subfield>
    <subfield code="h">A&#xF1;o: 1999, agosto</subfield>
    <subfield code="l">0</subfield>
    <subfield code="p">2025-8261</subfield>
    <subfield code="r">2025-08-11</subfield>
    <subfield code="t">e.1</subfield>
    <subfield code="w">2025-08-11</subfield>
    <subfield code="y">ISSUE</subfield>
    <subfield code="z">Viajar con elegancia.</subfield>
  </datafield>
  <datafield tag="952" ind1=" " ind2=" ">
    <subfield code="0">0</subfield>
    <subfield code="1">0</subfield>
    <subfield code="2">ddc</subfield>
    <subfield code="4">0</subfield>
    <subfield code="5">6</subfield>
    <subfield code="7">0</subfield>
    <subfield code="8">SE</subfield>
    <subfield code="a">BNPHU</subfield>
    <subfield code="b">BNPHU</subfield>
    <subfield code="d">2025-08-11</subfield>
    <subfield code="h">A&#xF1;o: 1999, agosto</subfield>
    <subfield code="l">0</subfield>
    <subfield code="p">2025-8262</subfield>
    <subfield code="r">2025-08-11</subfield>
    <subfield code="t">e.2</subfield>
    <subfield code="w">2025-08-11</subfield>
    <subfield code="y">ISSUE</subfield>
    <subfield code="z">Viajar con elegancia.</subfield>
  </datafield>
  <datafield tag="952" ind1=" " ind2=" ">
    <subfield code="0">0</subfield>
    <subfield code="1">0</subfield>
    <subfield code="2">ddc</subfield>
    <subfield code="4">0</subfield>
    <subfield code="5">6</subfield>
    <subfield code="7">0</subfield>
    <subfield code="8">SE</subfield>
    <subfield code="a">BNPHU</subfield>
    <subfield code="b">BNPHU</subfield>
    <subfield code="d">2025-08-11</subfield>
    <subfield code="h">A&#xF1;o: 1999, agosto</subfield>
    <subfield code="l">0</subfield>
    <subfield code="p">2025-8263</subfield>
    <subfield code="r">2025-08-11</subfield>
    <subfield code="t">e.3</subfield>
    <subfield code="w">2025-08-11</subfield>
    <subfield code="y">ISSUE</subfield>
    <subfield code="z">Viajar con elegancia.</subfield>
  </datafield>
  <datafield tag="952" ind1=" " ind2=" ">
    <subfield code="0">0</subfield>
    <subfield code="1">0</subfield>
    <subfield code="2">ddc</subfield>
    <subfield code="4">0</subfield>
    <subfield code="5">6</subfield>
    <subfield code="7">0</subfield>
    <subfield code="8">SE</subfield>
    <subfield code="a">BNPHU</subfield>
    <subfield code="b">BNPHU</subfield>
    <subfield code="d">2025-08-11</subfield>
    <subfield code="h">A&#xF1;o: 1999, septiembre</subfield>
    <subfield code="l">0</subfield>
    <subfield code="p">2025-8264</subfield>
    <subfield code="r">2025-08-11</subfield>
    <subfield code="t">e.1</subfield>
    <subfield code="w">2025-08-11</subfield>
    <subfield code="y">ISSUE</subfield>
    <subfield code="z">Novias de siempre.</subfield>
  </datafield>
  <datafield tag="952" ind1=" " ind2=" ">
    <subfield code="0">0</subfield>
    <subfield code="1">0</subfield>
    <subfield code="2">ddc</subfield>
    <subfield code="4">0</subfield>
    <subfield code="5">6</subfield>
    <subfield code="7">0</subfield>
    <subfield code="8">SE</subfield>
    <subfield code="a">BNPHU</subfield>
    <subfield code="b">BNPHU</subfield>
    <subfield code="d">2025-08-11</subfield>
    <subfield code="h">A&#xF1;o: 1999, septiembre</subfield>
    <subfield code="l">0</subfield>
    <subfield code="p">2025-8265</subfield>
    <subfield code="r">2025-08-11</subfield>
    <subfield code="t">e.2</subfield>
    <subfield code="w">2025-08-11</subfield>
    <subfield code="y">ISSUE</subfield>
    <subfield code="z">Novias de siempre.</subfield>
  </datafield>
  <datafield tag="952" ind1=" " ind2=" ">
    <subfield code="0">0</subfield>
    <subfield code="1">0</subfield>
    <subfield code="2">ddc</subfield>
    <subfield code="4">0</subfield>
    <subfield code="5">6</subfield>
    <subfield code="7">0</subfield>
    <subfield code="8">SE</subfield>
    <subfield code="a">BNPHU</subfield>
    <subfield code="b">BNPHU</subfield>
    <subfield code="d">2025-08-11</subfield>
    <subfield code="h">A&#xF1;o: 1999, septiembre</subfield>
    <subfield code="l">0</subfield>
    <subfield code="p">2025-8266</subfield>
    <subfield code="r">2025-08-11</subfield>
    <subfield code="t">e.3</subfield>
    <subfield code="w">2025-08-11</subfield>
    <subfield code="y">ISSUE</subfield>
    <subfield code="z">Novias de siempre.</subfield>
  </datafield>
  <datafield tag="952" ind1=" " ind2=" ">
    <subfield code="0">0</subfield>
    <subfield code="1">0</subfield>
    <subfield code="2">ddc</subfield>
    <subfield code="4">0</subfield>
    <subfield code="5">6</subfield>
    <subfield code="7">0</subfield>
    <subfield code="8">SE</subfield>
    <subfield code="a">BNPHU</subfield>
    <subfield code="b">BNPHU</subfield>
    <subfield code="d">2025-08-11</subfield>
    <subfield code="h">A&#xF1;o: 1999, octubre</subfield>
    <subfield code="l">0</subfield>
    <subfield code="p">2025-8267</subfield>
    <subfield code="r">2025-08-11</subfield>
    <subfield code="t">e.1</subfield>
    <subfield code="w">2025-08-11</subfield>
    <subfield code="y">ISSUE</subfield>
    <subfield code="z">Naturaleza y libertad, una colecci&#xF3;n de Magaly Tiburcio.</subfield>
  </datafield>
  <datafield tag="952" ind1=" " ind2=" ">
    <subfield code="0">0</subfield>
    <subfield code="1">0</subfield>
    <subfield code="2">ddc</subfield>
    <subfield code="4">0</subfield>
    <subfield code="5">6</subfield>
    <subfield code="7">0</subfield>
    <subfield code="8">SE</subfield>
    <subfield code="a">BNPHU</subfield>
    <subfield code="b">BNPHU</subfield>
    <subfield code="d">2025-08-11</subfield>
    <subfield code="h">A&#xF1;o: 1999, octubre</subfield>
    <subfield code="l">0</subfield>
    <subfield code="p">2025-8268</subfield>
    <subfield code="r">2025-08-11</subfield>
    <subfield code="t">e.2</subfield>
    <subfield code="w">2025-08-11</subfield>
    <subfield code="y">ISSUE</subfield>
    <subfield code="z">Naturaleza y libertad, una colecci&#xF3;n de Magaly Tiburcio.</subfield>
  </datafield>
  <datafield tag="952" ind1=" " ind2=" ">
    <subfield code="0">0</subfield>
    <subfield code="1">0</subfield>
    <subfield code="2">ddc</subfield>
    <subfield code="4">0</subfield>
    <subfield code="5">6</subfield>
    <subfield code="7">0</subfield>
    <subfield code="8">SE</subfield>
    <subfield code="a">BNPHU</subfield>
    <subfield code="b">BNPHU</subfield>
    <subfield code="d">2025-08-11</subfield>
    <subfield code="h">A&#xF1;o: 1999, octubre</subfield>
    <subfield code="l">0</subfield>
    <subfield code="p">2025-8269</subfield>
    <subfield code="r">2025-08-11</subfield>
    <subfield code="t">e.3</subfield>
    <subfield code="w">2025-08-11</subfield>
    <subfield code="y">ISSUE</subfield>
    <subfield code="z">Naturaleza y libertad, una colecci&#xF3;n de Magaly Tiburcio.</subfield>
  </datafield>
  <datafield tag="952" ind1=" " ind2=" ">
    <subfield code="0">0</subfield>
    <subfield code="1">0</subfield>
    <subfield code="2">ddc</subfield>
    <subfield code="4">0</subfield>
    <subfield code="5">6</subfield>
    <subfield code="7">0</subfield>
    <subfield code="8">SE</subfield>
    <subfield code="a">BNPHU</subfield>
    <subfield code="b">BNPHU</subfield>
    <subfield code="d">2025-08-11</subfield>
    <subfield code="h">A&#xF1;o: 1999, octubre</subfield>
    <subfield code="l">0</subfield>
    <subfield code="p">2025-8270</subfield>
    <subfield code="r">2025-08-11</subfield>
    <subfield code="t">e.4</subfield>
    <subfield code="w">2025-08-11</subfield>
    <subfield code="y">ISSUE</subfield>
    <subfield code="z">Naturaleza y libertad, una colecci&#xF3;n de Magaly Tiburcio.</subfield>
  </datafield>
  <datafield tag="952" ind1=" " ind2=" ">
    <subfield code="0">0</subfield>
    <subfield code="1">0</subfield>
    <subfield code="2">ddc</subfield>
    <subfield code="4">0</subfield>
    <subfield code="5">6</subfield>
    <subfield code="7">0</subfield>
    <subfield code="8">SE</subfield>
    <subfield code="a">BNPHU</subfield>
    <subfield code="b">BNPHU</subfield>
    <subfield code="d">2025-08-11</subfield>
    <subfield code="h">A&#xF1;o: 1999, octubre</subfield>
    <subfield code="l">0</subfield>
    <subfield code="p">2025-8271</subfield>
    <subfield code="r">2025-08-11</subfield>
    <subfield code="t">e.5</subfield>
    <subfield code="w">2025-08-11</subfield>
    <subfield code="y">ISSUE</subfield>
    <subfield code="z">Naturaleza y libertad, una colecci&#xF3;n de Magaly Tiburcio.</subfield>
  </datafield>
  <datafield tag="952" ind1=" " ind2=" ">
    <subfield code="0">0</subfield>
    <subfield code="1">0</subfield>
    <subfield code="2">ddc</subfield>
    <subfield code="4">0</subfield>
    <subfield code="5">6</subfield>
    <subfield code="7">0</subfield>
    <subfield code="8">SE</subfield>
    <subfield code="a">BNPHU</subfield>
    <subfield code="b">BNPHU</subfield>
    <subfield code="d">2025-08-11</subfield>
    <subfield code="h">A&#xF1;o: 1999, noviembre</subfield>
    <subfield code="l">0</subfield>
    <subfield code="p">2025-8272</subfield>
    <subfield code="r">2025-08-11</subfield>
    <subfield code="t">e.1</subfield>
    <subfield code="w">2025-08-11</subfield>
    <subfield code="y">ISSUE</subfield>
    <subfield code="z">Sully Bonnelly: amante de la sencillez y el color.</subfield>
  </datafield>
  <datafield tag="952" ind1=" " ind2=" ">
    <subfield code="0">0</subfield>
    <subfield code="1">0</subfield>
    <subfield code="2">ddc</subfield>
    <subfield code="4">0</subfield>
    <subfield code="5">6</subfield>
    <subfield code="7">0</subfield>
    <subfield code="8">SE</subfield>
    <subfield code="a">BNPHU</subfield>
    <subfield code="b">BNPHU</subfield>
    <subfield code="d">2025-08-11</subfield>
    <subfield code="h">A&#xF1;o: 1999, noviembre</subfield>
    <subfield code="l">0</subfield>
    <subfield code="p">2025-8273</subfield>
    <subfield code="r">2025-08-11</subfield>
    <subfield code="t">e.2</subfield>
    <subfield code="w">2025-08-11</subfield>
    <subfield code="y">ISSUE</subfield>
    <subfield code="z">Sully Bonnelly: amante de la sencillez y el color.</subfield>
  </datafield>
  <datafield tag="952" ind1=" " ind2=" ">
    <subfield code="0">0</subfield>
    <subfield code="1">0</subfield>
    <subfield code="2">ddc</subfield>
    <subfield code="4">0</subfield>
    <subfield code="5">6</subfield>
    <subfield code="7">0</subfield>
    <subfield code="8">SE</subfield>
    <subfield code="a">BNPHU</subfield>
    <subfield code="b">BNPHU</subfield>
    <subfield code="d">2025-08-11</subfield>
    <subfield code="h">A&#xF1;o: 1999, noviembre</subfield>
    <subfield code="l">0</subfield>
    <subfield code="p">2025-8274</subfield>
    <subfield code="r">2025-08-11</subfield>
    <subfield code="t">e.3</subfield>
    <subfield code="w">2025-08-11</subfield>
    <subfield code="y">ISSUE</subfield>
    <subfield code="z">Sully Bonnelly: amante de la sencillez y el color.</subfield>
  </datafield>
  <datafield tag="952" ind1=" " ind2=" ">
    <subfield code="0">0</subfield>
    <subfield code="1">0</subfield>
    <subfield code="2">ddc</subfield>
    <subfield code="4">0</subfield>
    <subfield code="5">6</subfield>
    <subfield code="7">0</subfield>
    <subfield code="8">SE</subfield>
    <subfield code="a">BNPHU</subfield>
    <subfield code="b">BNPHU</subfield>
    <subfield code="d">2025-08-11</subfield>
    <subfield code="h">A&#xF1;o: 1999, diciembre</subfield>
    <subfield code="l">0</subfield>
    <subfield code="p">2025-8275</subfield>
    <subfield code="r">2025-08-11</subfield>
    <subfield code="t">e.1</subfield>
    <subfield code="w">2025-08-11</subfield>
    <subfield code="y">ISSUE</subfield>
    <subfield code="z">Te invito a bailar.</subfield>
  </datafield>
  <datafield tag="952" ind1=" " ind2=" ">
    <subfield code="0">0</subfield>
    <subfield code="1">0</subfield>
    <subfield code="2">ddc</subfield>
    <subfield code="4">0</subfield>
    <subfield code="5">6</subfield>
    <subfield code="7">0</subfield>
    <subfield code="8">SE</subfield>
    <subfield code="a">BNPHU</subfield>
    <subfield code="b">BNPHU</subfield>
    <subfield code="d">2025-08-11</subfield>
    <subfield code="h">A&#xF1;o: 1999, diciembre</subfield>
    <subfield code="l">0</subfield>
    <subfield code="p">2025-8276</subfield>
    <subfield code="r">2025-08-11</subfield>
    <subfield code="t">e.2</subfield>
    <subfield code="w">2025-08-11</subfield>
    <subfield code="y">ISSUE</subfield>
    <subfield code="z">Te invito a bailar.</subfield>
  </datafield>
  <datafield tag="952" ind1=" " ind2=" ">
    <subfield code="0">0</subfield>
    <subfield code="1">0</subfield>
    <subfield code="2">ddc</subfield>
    <subfield code="4">0</subfield>
    <subfield code="5">6</subfield>
    <subfield code="7">0</subfield>
    <subfield code="8">SE</subfield>
    <subfield code="a">BNPHU</subfield>
    <subfield code="b">BNPHU</subfield>
    <subfield code="d">2025-08-11</subfield>
    <subfield code="h">A&#xF1;o: 1999, diciembre</subfield>
    <subfield code="l">0</subfield>
    <subfield code="p">2025-8277</subfield>
    <subfield code="r">2025-08-11</subfield>
    <subfield code="t">e.3</subfield>
    <subfield code="w">2025-08-11</subfield>
    <subfield code="y">ISSUE</subfield>
    <subfield code="z">Te invito a bailar.</subfield>
  </datafield>
  <datafield tag="952" ind1=" " ind2=" ">
    <subfield code="0">0</subfield>
    <subfield code="1">0</subfield>
    <subfield code="2">ddc</subfield>
    <subfield code="4">0</subfield>
    <subfield code="5">6</subfield>
    <subfield code="7">0</subfield>
    <subfield code="8">SE</subfield>
    <subfield code="a">BNPHU</subfield>
    <subfield code="b">BNPHU</subfield>
    <subfield code="d">2025-08-11</subfield>
    <subfield code="h">A&#xF1;o: 2000, febrero</subfield>
    <subfield code="l">0</subfield>
    <subfield code="p">2025-8278</subfield>
    <subfield code="r">2025-08-11</subfield>
    <subfield code="t">e.1</subfield>
    <subfield code="w">2025-08-11</subfield>
    <subfield code="y">ISSUE</subfield>
    <subfield code="z">Y T&#xFA;, &#xBF;por qu&#xE9; no la usas?</subfield>
  </datafield>
  <datafield tag="952" ind1=" " ind2=" ">
    <subfield code="0">0</subfield>
    <subfield code="1">0</subfield>
    <subfield code="2">ddc</subfield>
    <subfield code="4">0</subfield>
    <subfield code="5">6</subfield>
    <subfield code="7">0</subfield>
    <subfield code="8">SE</subfield>
    <subfield code="a">BNPHU</subfield>
    <subfield code="b">BNPHU</subfield>
    <subfield code="d">2025-08-11</subfield>
    <subfield code="h">A&#xF1;o: 2000, marzo</subfield>
    <subfield code="l">0</subfield>
    <subfield code="p">2025-8279</subfield>
    <subfield code="r">2025-08-11</subfield>
    <subfield code="t">e.1</subfield>
    <subfield code="w">2025-08-11</subfield>
    <subfield code="y">ISSUE</subfield>
    <subfield code="z">Como en el Viejo.</subfield>
  </datafield>
  <datafield tag="952" ind1=" " ind2=" ">
    <subfield code="0">0</subfield>
    <subfield code="1">0</subfield>
    <subfield code="2">ddc</subfield>
    <subfield code="4">0</subfield>
    <subfield code="5">6</subfield>
    <subfield code="7">0</subfield>
    <subfield code="8">SE</subfield>
    <subfield code="a">BNPHU</subfield>
    <subfield code="b">BNPHU</subfield>
    <subfield code="d">2025-08-11</subfield>
    <subfield code="h">A&#xF1;o: 2000, febrero</subfield>
    <subfield code="l">0</subfield>
    <subfield code="p">2025-8280</subfield>
    <subfield code="r">2025-08-11</subfield>
    <subfield code="t">e.1</subfield>
    <subfield code="w">2025-08-11</subfield>
    <subfield code="y">ISSUE</subfield>
    <subfield code="z">Hablando de amor.</subfield>
  </datafield>
  <datafield tag="952" ind1=" " ind2=" ">
    <subfield code="0">0</subfield>
    <subfield code="1">0</subfield>
    <subfield code="2">ddc</subfield>
    <subfield code="4">0</subfield>
    <subfield code="5">6</subfield>
    <subfield code="7">0</subfield>
    <subfield code="8">SE</subfield>
    <subfield code="a">BNPHU</subfield>
    <subfield code="b">BNPHU</subfield>
    <subfield code="d">2025-08-11</subfield>
    <subfield code="h">A&#xF1;o: 2000, abril</subfield>
    <subfield code="l">0</subfield>
    <subfield code="p">2025-8281</subfield>
    <subfield code="r">2025-08-11</subfield>
    <subfield code="t">e.1</subfield>
    <subfield code="w">2025-08-11</subfield>
    <subfield code="y">ISSUE</subfield>
    <subfield code="z">Fiesta de Sol y playa.</subfield>
  </datafield>
  <datafield tag="952" ind1=" " ind2=" ">
    <subfield code="0">0</subfield>
    <subfield code="1">0</subfield>
    <subfield code="2">ddc</subfield>
    <subfield code="4">0</subfield>
    <subfield code="5">6</subfield>
    <subfield code="7">0</subfield>
    <subfield code="8">SE</subfield>
    <subfield code="a">BNPHU</subfield>
    <subfield code="b">BNPHU</subfield>
    <subfield code="d">2025-08-11</subfield>
    <subfield code="h">A&#xF1;o: 2000, abril</subfield>
    <subfield code="l">0</subfield>
    <subfield code="p">2025-8282</subfield>
    <subfield code="r">2025-08-11</subfield>
    <subfield code="t">e.2</subfield>
    <subfield code="w">2025-08-11</subfield>
    <subfield code="y">ISSUE</subfield>
    <subfield code="z">Fiesta de Sol y playa.</subfield>
  </datafield>
  <datafield tag="952" ind1=" " ind2=" ">
    <subfield code="0">0</subfield>
    <subfield code="1">0</subfield>
    <subfield code="2">ddc</subfield>
    <subfield code="4">0</subfield>
    <subfield code="5">6</subfield>
    <subfield code="7">0</subfield>
    <subfield code="8">SE</subfield>
    <subfield code="a">BNPHU</subfield>
    <subfield code="b">BNPHU</subfield>
    <subfield code="d">2025-08-11</subfield>
    <subfield code="h">A&#xF1;o: 2000, mayo</subfield>
    <subfield code="l">0</subfield>
    <subfield code="p">2025-8283</subfield>
    <subfield code="r">2025-08-11</subfield>
    <subfield code="t">e.1</subfield>
    <subfield code="w">2025-08-11</subfield>
    <subfield code="y">ISSUE</subfield>
    <subfield code="z">Hermosa como una Flor.</subfield>
  </datafield>
  <datafield tag="952" ind1=" " ind2=" ">
    <subfield code="0">0</subfield>
    <subfield code="1">0</subfield>
    <subfield code="2">ddc</subfield>
    <subfield code="4">0</subfield>
    <subfield code="5">6</subfield>
    <subfield code="7">0</subfield>
    <subfield code="8">SE</subfield>
    <subfield code="a">BNPHU</subfield>
    <subfield code="b">BNPHU</subfield>
    <subfield code="d">2025-08-11</subfield>
    <subfield code="h">A&#xF1;o: 2000, abril</subfield>
    <subfield code="l">0</subfield>
    <subfield code="p">2025-8284</subfield>
    <subfield code="r">2025-08-11</subfield>
    <subfield code="t">e.1</subfield>
    <subfield code="w">2025-08-11</subfield>
    <subfield code="y">ISSUE</subfield>
    <subfield code="z">Fiesta de Sol y playa.</subfield>
  </datafield>
  <datafield tag="952" ind1=" " ind2=" ">
    <subfield code="0">0</subfield>
    <subfield code="1">0</subfield>
    <subfield code="2">ddc</subfield>
    <subfield code="4">0</subfield>
    <subfield code="5">6</subfield>
    <subfield code="7">0</subfield>
    <subfield code="8">SE</subfield>
    <subfield code="a">BNPHU</subfield>
    <subfield code="b">BNPHU</subfield>
    <subfield code="d">2025-08-11</subfield>
    <subfield code="h">A&#xF1;o: 2000, junio</subfield>
    <subfield code="l">0</subfield>
    <subfield code="p">2025-8285</subfield>
    <subfield code="r">2025-08-11</subfield>
    <subfield code="t">e.1</subfield>
    <subfield code="w">2025-08-11</subfield>
    <subfield code="y">ISSUE</subfield>
  </datafield>
  <datafield tag="952" ind1=" " ind2=" ">
    <subfield code="0">0</subfield>
    <subfield code="1">0</subfield>
    <subfield code="2">ddc</subfield>
    <subfield code="4">0</subfield>
    <subfield code="5">6</subfield>
    <subfield code="7">0</subfield>
    <subfield code="8">SE</subfield>
    <subfield code="a">BNPHU</subfield>
    <subfield code="b">BNPHU</subfield>
    <subfield code="d">2025-08-11</subfield>
    <subfield code="h">A&#xF1;o: 2000, julio</subfield>
    <subfield code="l">0</subfield>
    <subfield code="p">2025-8286</subfield>
    <subfield code="r">2025-08-11</subfield>
    <subfield code="t">e.1</subfield>
    <subfield code="w">2025-08-11</subfield>
    <subfield code="y">ISSUE</subfield>
  </datafield>
  <datafield tag="952" ind1=" " ind2=" ">
    <subfield code="0">0</subfield>
    <subfield code="1">0</subfield>
    <subfield code="2">ddc</subfield>
    <subfield code="4">0</subfield>
    <subfield code="5">6</subfield>
    <subfield code="7">0</subfield>
    <subfield code="8">SE</subfield>
    <subfield code="a">BNPHU</subfield>
    <subfield code="b">BNPHU</subfield>
    <subfield code="d">2025-08-11</subfield>
    <subfield code="h">A&#xF1;o: 2000, agosto</subfield>
    <subfield code="l">0</subfield>
    <subfield code="p">2025-8287</subfield>
    <subfield code="r">2025-08-11</subfield>
    <subfield code="t">e.1</subfield>
    <subfield code="w">2025-08-11</subfield>
    <subfield code="y">ISSUE</subfield>
    <subfield code="z">Con los pies sobre la tierra.</subfield>
  </datafield>
  <datafield tag="952" ind1=" " ind2=" ">
    <subfield code="0">0</subfield>
    <subfield code="1">0</subfield>
    <subfield code="2">ddc</subfield>
    <subfield code="4">0</subfield>
    <subfield code="5">6</subfield>
    <subfield code="7">0</subfield>
    <subfield code="8">SE</subfield>
    <subfield code="a">BNPHU</subfield>
    <subfield code="b">BNPHU</subfield>
    <subfield code="d">2025-08-11</subfield>
    <subfield code="h">A&#xF1;o: 2000, septiembre</subfield>
    <subfield code="l">0</subfield>
    <subfield code="p">2025-8288</subfield>
    <subfield code="r">2025-08-11</subfield>
    <subfield code="t">e.1</subfield>
    <subfield code="w">2025-08-11</subfield>
    <subfield code="y">ISSUE</subfield>
    <subfield code="z">Vestida de Oto&#xF1;o.</subfield>
  </datafield>
  <datafield tag="952" ind1=" " ind2=" ">
    <subfield code="0">0</subfield>
    <subfield code="1">0</subfield>
    <subfield code="2">ddc</subfield>
    <subfield code="4">0</subfield>
    <subfield code="5">6</subfield>
    <subfield code="7">0</subfield>
    <subfield code="8">SE</subfield>
    <subfield code="a">BNPHU</subfield>
    <subfield code="b">BNPHU</subfield>
    <subfield code="d">2025-08-11</subfield>
    <subfield code="h">A&#xF1;o: 2000, septiembre</subfield>
    <subfield code="l">0</subfield>
    <subfield code="p">2025-8289</subfield>
    <subfield code="r">2025-08-11</subfield>
    <subfield code="t">e.2</subfield>
    <subfield code="w">2025-08-11</subfield>
    <subfield code="y">ISSUE</subfield>
    <subfield code="z">Vestida de Oto&#xF1;o.</subfield>
  </datafield>
  <datafield tag="952" ind1=" " ind2=" ">
    <subfield code="0">0</subfield>
    <subfield code="1">0</subfield>
    <subfield code="2">ddc</subfield>
    <subfield code="4">0</subfield>
    <subfield code="5">6</subfield>
    <subfield code="7">0</subfield>
    <subfield code="8">SE</subfield>
    <subfield code="a">BNPHU</subfield>
    <subfield code="b">BNPHU</subfield>
    <subfield code="d">2025-08-11</subfield>
    <subfield code="h">A&#xF1;o: 2000, septiembre</subfield>
    <subfield code="l">0</subfield>
    <subfield code="p">2025-8290</subfield>
    <subfield code="r">2025-08-11</subfield>
    <subfield code="t">e.3</subfield>
    <subfield code="w">2025-08-11</subfield>
    <subfield code="y">ISSUE</subfield>
    <subfield code="z">Vestida de Oto&#xF1;o.</subfield>
  </datafield>
  <datafield tag="952" ind1=" " ind2=" ">
    <subfield code="0">0</subfield>
    <subfield code="1">0</subfield>
    <subfield code="2">ddc</subfield>
    <subfield code="4">0</subfield>
    <subfield code="5">6</subfield>
    <subfield code="7">0</subfield>
    <subfield code="8">SE</subfield>
    <subfield code="a">BNPHU</subfield>
    <subfield code="b">BNPHU</subfield>
    <subfield code="d">2025-08-11</subfield>
    <subfield code="h">A&#xF1;o: 2000, septiembre</subfield>
    <subfield code="l">0</subfield>
    <subfield code="p">2025-8291</subfield>
    <subfield code="r">2025-08-11</subfield>
    <subfield code="t">e.4</subfield>
    <subfield code="w">2025-08-11</subfield>
    <subfield code="y">ISSUE</subfield>
    <subfield code="z">Vestida de Oto&#xF1;o.</subfield>
  </datafield>
  <datafield tag="952" ind1=" " ind2=" ">
    <subfield code="0">0</subfield>
    <subfield code="1">0</subfield>
    <subfield code="2">ddc</subfield>
    <subfield code="4">0</subfield>
    <subfield code="5">6</subfield>
    <subfield code="7">0</subfield>
    <subfield code="8">SE</subfield>
    <subfield code="a">BNPHU</subfield>
    <subfield code="b">BNPHU</subfield>
    <subfield code="d">2025-08-11</subfield>
    <subfield code="h">A&#xF1;o: 2000, octubre</subfield>
    <subfield code="l">0</subfield>
    <subfield code="p">2025-8292</subfield>
    <subfield code="r">2025-08-11</subfield>
    <subfield code="t">e.1</subfield>
    <subfield code="w">2025-08-11</subfield>
    <subfield code="y">ISSUE</subfield>
    <subfield code="z">Novias, 2000. </subfield>
  </datafield>
  <datafield tag="952" ind1=" " ind2=" ">
    <subfield code="0">0</subfield>
    <subfield code="1">0</subfield>
    <subfield code="2">ddc</subfield>
    <subfield code="4">0</subfield>
    <subfield code="5">6</subfield>
    <subfield code="7">0</subfield>
    <subfield code="8">SE</subfield>
    <subfield code="a">BNPHU</subfield>
    <subfield code="b">BNPHU</subfield>
    <subfield code="d">2025-08-11</subfield>
    <subfield code="h">A&#xF1;o: 2000, octubre</subfield>
    <subfield code="l">0</subfield>
    <subfield code="p">2025-8293</subfield>
    <subfield code="r">2025-08-11</subfield>
    <subfield code="t">e.2</subfield>
    <subfield code="w">2025-08-11</subfield>
    <subfield code="y">ISSUE</subfield>
    <subfield code="z">Novias, 2000. </subfield>
  </datafield>
  <datafield tag="952" ind1=" " ind2=" ">
    <subfield code="0">0</subfield>
    <subfield code="1">0</subfield>
    <subfield code="2">ddc</subfield>
    <subfield code="4">0</subfield>
    <subfield code="5">6</subfield>
    <subfield code="7">0</subfield>
    <subfield code="8">SE</subfield>
    <subfield code="a">BNPHU</subfield>
    <subfield code="b">BNPHU</subfield>
    <subfield code="d">2025-08-11</subfield>
    <subfield code="h">A&#xF1;o: 2000, octubre</subfield>
    <subfield code="l">0</subfield>
    <subfield code="p">2025-8294</subfield>
    <subfield code="r">2025-08-11</subfield>
    <subfield code="t">e.3</subfield>
    <subfield code="w">2025-08-11</subfield>
    <subfield code="y">ISSUE</subfield>
    <subfield code="z">Novias, 2000. </subfield>
  </datafield>
  <datafield tag="952" ind1=" " ind2=" ">
    <subfield code="0">0</subfield>
    <subfield code="1">0</subfield>
    <subfield code="2">ddc</subfield>
    <subfield code="4">0</subfield>
    <subfield code="5">6</subfield>
    <subfield code="7">0</subfield>
    <subfield code="8">SE</subfield>
    <subfield code="a">BNPHU</subfield>
    <subfield code="b">BNPHU</subfield>
    <subfield code="d">2025-08-11</subfield>
    <subfield code="h">A&#xF1;o: 2000, octubre</subfield>
    <subfield code="l">0</subfield>
    <subfield code="p">2025-8295</subfield>
    <subfield code="r">2025-08-11</subfield>
    <subfield code="t">e.4</subfield>
    <subfield code="w">2025-08-11</subfield>
    <subfield code="y">ISSUE</subfield>
    <subfield code="z">Novias, 2000. </subfield>
  </datafield>
  <datafield tag="952" ind1=" " ind2=" ">
    <subfield code="0">0</subfield>
    <subfield code="1">0</subfield>
    <subfield code="2">ddc</subfield>
    <subfield code="4">0</subfield>
    <subfield code="5">6</subfield>
    <subfield code="7">0</subfield>
    <subfield code="8">SE</subfield>
    <subfield code="a">BNPHU</subfield>
    <subfield code="b">BNPHU</subfield>
    <subfield code="d">2025-08-11</subfield>
    <subfield code="h">A&#xF1;o: 2000, noviembre</subfield>
    <subfield code="l">0</subfield>
    <subfield code="p">2025-8296</subfield>
    <subfield code="r">2025-08-11</subfield>
    <subfield code="t">e.1</subfield>
    <subfield code="w">2025-08-11</subfield>
    <subfield code="y">ISSUE</subfield>
    <subfield code="z">Trajes de Fiesta.</subfield>
  </datafield>
  <datafield tag="952" ind1=" " ind2=" ">
    <subfield code="0">0</subfield>
    <subfield code="1">0</subfield>
    <subfield code="2">ddc</subfield>
    <subfield code="4">0</subfield>
    <subfield code="5">6</subfield>
    <subfield code="7">0</subfield>
    <subfield code="8">SE</subfield>
    <subfield code="a">BNPHU</subfield>
    <subfield code="b">BNPHU</subfield>
    <subfield code="d">2025-08-11</subfield>
    <subfield code="h">A&#xF1;o: 2000, diciembre</subfield>
    <subfield code="l">0</subfield>
    <subfield code="p">2025-8297</subfield>
    <subfield code="r">2025-08-11</subfield>
    <subfield code="t">e.1</subfield>
    <subfield code="w">2025-08-11</subfield>
    <subfield code="y">ISSUE</subfield>
    <subfield code="z">Navidad.</subfield>
  </datafield>
  <datafield tag="952" ind1=" " ind2=" ">
    <subfield code="0">0</subfield>
    <subfield code="1">0</subfield>
    <subfield code="2">ddc</subfield>
    <subfield code="4">0</subfield>
    <subfield code="5">6</subfield>
    <subfield code="7">0</subfield>
    <subfield code="8">SE</subfield>
    <subfield code="a">BNPHU</subfield>
    <subfield code="b">BNPHU</subfield>
    <subfield code="d">2025-08-11</subfield>
    <subfield code="h">A&#xF1;o: 2000, diciembre</subfield>
    <subfield code="l">0</subfield>
    <subfield code="p">2025-8298</subfield>
    <subfield code="r">2025-08-11</subfield>
    <subfield code="t">e.2</subfield>
    <subfield code="w">2025-08-11</subfield>
    <subfield code="y">ISSUE</subfield>
    <subfield code="z">Navidad.</subfield>
  </datafield>
  <datafield tag="952" ind1=" " ind2=" ">
    <subfield code="0">0</subfield>
    <subfield code="1">0</subfield>
    <subfield code="2">ddc</subfield>
    <subfield code="4">0</subfield>
    <subfield code="5">6</subfield>
    <subfield code="7">0</subfield>
    <subfield code="8">SE</subfield>
    <subfield code="a">BNPHU</subfield>
    <subfield code="b">BNPHU</subfield>
    <subfield code="d">2025-08-11</subfield>
    <subfield code="h">A&#xF1;o: 2000, diciembre</subfield>
    <subfield code="l">0</subfield>
    <subfield code="p">2025-8299</subfield>
    <subfield code="r">2025-08-11</subfield>
    <subfield code="t">e.3</subfield>
    <subfield code="w">2025-08-11</subfield>
    <subfield code="y">ISSUE</subfield>
    <subfield code="z">Navidad.</subfield>
  </datafield>
  <datafield tag="952" ind1=" " ind2=" ">
    <subfield code="0">0</subfield>
    <subfield code="1">0</subfield>
    <subfield code="2">ddc</subfield>
    <subfield code="4">0</subfield>
    <subfield code="5">6</subfield>
    <subfield code="7">0</subfield>
    <subfield code="8">SE</subfield>
    <subfield code="a">BNPHU</subfield>
    <subfield code="b">BNPHU</subfield>
    <subfield code="d">2025-08-11</subfield>
    <subfield code="h">A&#xF1;o: 2000, diciembre</subfield>
    <subfield code="l">0</subfield>
    <subfield code="p">2025-8300</subfield>
    <subfield code="r">2025-08-11</subfield>
    <subfield code="t">e.4</subfield>
    <subfield code="w">2025-08-11</subfield>
    <subfield code="y">ISSUE</subfield>
    <subfield code="z">Navidad.</subfield>
  </datafield>
  <datafield tag="952" ind1=" " ind2=" ">
    <subfield code="0">0</subfield>
    <subfield code="1">0</subfield>
    <subfield code="2">ddc</subfield>
    <subfield code="4">0</subfield>
    <subfield code="5">6</subfield>
    <subfield code="7">0</subfield>
    <subfield code="8">SE</subfield>
    <subfield code="a">BNPHU</subfield>
    <subfield code="b">BNPHU</subfield>
    <subfield code="d">2025-08-11</subfield>
    <subfield code="h">A&#xF1;o: 2001, marzo</subfield>
    <subfield code="l">0</subfield>
    <subfield code="p">2025-8301</subfield>
    <subfield code="r">2025-08-11</subfield>
    <subfield code="t">e.1</subfield>
    <subfield code="w">2025-08-11</subfield>
    <subfield code="y">ISSUE</subfield>
    <subfield code="z">El Jean para todas las edades.</subfield>
  </datafield>
  <datafield tag="952" ind1=" " ind2=" ">
    <subfield code="0">0</subfield>
    <subfield code="1">0</subfield>
    <subfield code="2">ddc</subfield>
    <subfield code="4">0</subfield>
    <subfield code="5">6</subfield>
    <subfield code="7">0</subfield>
    <subfield code="8">SE</subfield>
    <subfield code="a">BNPHU</subfield>
    <subfield code="b">BNPHU</subfield>
    <subfield code="d">2025-08-11</subfield>
    <subfield code="h">A&#xF1;o: 2001, julio</subfield>
    <subfield code="l">0</subfield>
    <subfield code="p">2025-8302</subfield>
    <subfield code="r">2025-08-11</subfield>
    <subfield code="t">e.1</subfield>
    <subfield code="w">2025-08-11</subfield>
    <subfield code="y">ISSUE</subfield>
    <subfield code="z">De frente al Sol.</subfield>
  </datafield>
  <datafield tag="952" ind1=" " ind2=" ">
    <subfield code="0">0</subfield>
    <subfield code="1">0</subfield>
    <subfield code="2">ddc</subfield>
    <subfield code="4">0</subfield>
    <subfield code="5">6</subfield>
    <subfield code="7">0</subfield>
    <subfield code="8">SE</subfield>
    <subfield code="a">BNPHU</subfield>
    <subfield code="b">BNPHU</subfield>
    <subfield code="d">2025-08-11</subfield>
    <subfield code="h">A&#xF1;o: 2002, enero</subfield>
    <subfield code="l">0</subfield>
    <subfield code="p">2025-8303</subfield>
    <subfield code="r">2025-08-11</subfield>
    <subfield code="t">e.1</subfield>
    <subfield code="w">2025-08-11</subfield>
    <subfield code="y">ISSUE</subfield>
    <subfield code="z">Ejerc&#xED;tate caminando.</subfield>
  </datafield>
  <datafield tag="999" ind1=" " ind2=" ">
    <subfield code="c">59745</subfield>
    <subfield code="d">59745</subfield>
  </datafield>
</record>
